{"text_format":"3","workbook":"xlsx","n_sheets":13,"sheets":["Cover Page","1 - P & G's","2.1 - Civil - Site Clear","2.2 - Civil New MCC for 6 Belts","2.3 - Civil New MCC for 4 Belts","2.4 Civil Solar Battery Room","2.5 - Civil General","3.1 - Mech Poly, Water & Sludge","3.2 -  Mech. Belt Presses ","4 -  Electrical Dewatering Gen","5 - Instr and Control","6 - Testing & Commissioning","Schedule Summary"],"not_rendered":{"images":2,"external_links":2,"defined_names":11},"read":"whole","date_system":"1900"}

{"sheet":"Cover Page","index":0,"n_rows":14,"n_cols":4,"rows_kept":14,"merged":[[7,0,7,2],[8,0,8,2],[9,0,9,2],[10,0,10,2],[11,0,11,2],[12,0,12,2],[13,0,13,2]]}
[]
[]
["C2.2 BILL OF QUANTITIES"]
[]
[]
["CONTENTS"]
[]
["SCHEDULE 1: PRELIMINARY & GENERAL",null,null,"PD.5-PD.7"]
["SCHEDULE 2: CIVIL ENGINEERING AND BUILDINGS WORKS",null,null,"PD.8-PD.23"]
["SCHEDULE 3: MECHANICAL ENGINEERING WORKS",null,null,"PD.24-PD.33"]
["SCHEDULE 4: ELECTRICAL ENGINEERING WORKS",null,null,"PD.34-PD.40"]
["SCHEDULE 5: INSTRUMENTATION AND CONTROL ENGINEERING WORKS",null,null,"PD.41.-PD.46"]
["SCHEDULE 6: TESTING AND COMMISSIONING WORKS",null,null,"PD.47"]
["SUMMARY OF BILL OF QUANTITIES ",null,null,"PD.48"]

{"sheet":"1 - P & G's","index":1,"n_rows":115,"n_cols":7,"rows_kept":115,"merged":[[0,0,0,6],[47,0,47,2],[48,0,48,2],[80,0,80,2],[81,0,81,2],[114,0,114,5]]}
["SCHEDULE 1 : PRELIMINARY & GENERAL"]
["ITEM\nNo.","PAYM.\nREFERS","DESCRIPTION","UNIT","QTY","RATE","   AMOUNT"]
[]
[1,"SANS 1200 A","SCHEDULE 1 : PRELIMINARY & GENERAL"]
[1.1,8.3,"SCHEDULED FIXED-CHARGE AND VALUE RELATED ITEMS"]
[]
["1.1.1","8.3.1","Contractual Requirements","Sum",{"v":1,"d":"1.00"}]
["1.1.2","8.3.2","Establishment of Facilities on Site"]
["1.1.3","8.3.2.1","Facilities for the Employer's Agent"]
["1.1.4",null,"a) Furnished offices (2 No.)","Sum",{"v":1,"d":"1.00"}]
["1.1.5",null,"b) Telephone","Sum",{"v":1,"d":"1.00"}]
["1.1.6",null,"c) Nameboard (1 No.)","Sum",{"v":1,"d":"1.00"}]
["1.1.10","8.3.2.2","Facilities for Contractor:"]
["1.1.11",null,"a) Offices and storage sheds","Sum",{"v":1,"d":"1.00"}]
["1.1.12",null,"b) Workshops","Sum",{"v":1,"d":"1.00"}]
["1.1.13",null,"c) Laboratories","Sum",{"v":1,"d":"1.00"}]
["1.1.14",null,"d) Living Accommodation","Sum",{"v":1,"d":"1.00"}]
["1.1.15",null,"e) Ablution and latrine facilities","Sum",{"v":1,"d":"1.00"}]
["1.1.16",null,"f) Tools and equipment","Sum",{"v":1,"d":"1.00"}]
["1.1.17",null,"g) Water supplies, electric power and communications","Sum",{"v":1,"d":"1.00"}]
["1.1.18",null,"h) Dealing with water","Sum",{"v":1,"d":"1.00"}]
["1.1.19",null,"i) Access &  Security","Sum",{"v":1,"d":"1.00"}]
["1.1.20",null,"j) Plant (Construction Equipment)","Sum",{"v":1,"d":"1.00"}]
[]
["1.1.21","8.3.3","Other Fixed-charge Obligations"]
["1.1.22",null,"a) Compliance with the Health & Safety Specification and Plan","Sum",{"v":1,"d":"1.00"}]
["1.1.23",null,"b) Compliance with the Environmental Management Plan","Sum",{"v":1,"d":"1.00"}]
["1.1.24",null,"c) Establish Survey Control","Sum",{"v":1,"d":"1.00"}]
["1.1.25",null,"d)………………………………………………………."]
[]
["1.1.26","8.3.4","Removal of Site Establishment","Sum",{"v":1,"d":"1.00"}]
[]
[1.2,8.4,"SCHEDULED TIME-RELATED ITEMS"]
["1.2.1","8.4.1","Contractual Requirements","Sum",{"v":1,"d":"1.00"}]
[]
["1.2.2","8.4.2","Operation and Maintenance of Facilities on Site for the Duration of Construction, except where otherwise stated"]
["1.2.3","8.4.2.1","Facilities for Employer's Agent"]
["1.2.4",null,"a) Furnished Office (1 No.)","Sum",{"v":1,"d":"1.00"}]
["1.2.5",null,"b) Nameboard (1 No.)","No.",{"v":1,"d":"1.00"}]
["1.2.6",null,"c) Internet Access","Sum",{"v":1,"d":"1.00"}]
[]
["1.2.7","8.4.2.2","Facilities for Contractor:"]
["1.2.8",null,"a) Offices and storage sheds","Sum",{"v":1,"d":"1.00"}]
["1.2.9",null,"b) Workshops","Sum",{"v":1,"d":"1.00"}]
["1.2.10",null,"c) Laboratories","Sum",{"v":1,"d":"1.00"}]
["1.2.11",null,"d) Living Accommodation","Sum",{"v":1,"d":"1.00"}]
["1.2.12",null,"e) Ablution and latrine facilities","Sum",{"v":1,"d":"1.00"}]
["TOTAL CARRIED FORWARD"]
["TOTAL BROUGHT FORWARD"]
["1.2.13",null,"f) Tools and equipment","Sum",{"v":1,"d":"1.00"}]
["1.2.14",null,"g) Water supplies, electric power and communications","Sum",{"v":1,"d":"1.00"}]
["1.2.15",null,"h) Dealing with water","Sum",{"v":1,"d":"1.00"}]
["1.2.16",null,"i) Access &  Security","Sum",{"v":1,"d":"1.00"}]
["1.2.17","                                            ","j) Plant (Construction Equipment)","Sum",{"v":1,"d":"1.00"}]
["1.2.18","PSA 8.4.3","Supervision for Duration of Construction","Sum",{"v":1,"d":"1.00"}]
["1.2.19","8.4.4","Company and Head Office Overhead Costs for the Duration of the Contract","Sum",{"v":1,"d":"1.00"}]
["1.2.20","8.4.5","Other Time-related Obligations"]
["1.2.21",null,"a) Compliance with the Health and Safety Specification","Sum",{"v":1,"d":"1.00"}]
["1.2.22",null,"b) Compliance with the Environmental Management Plan","Sum",{"v":1,"d":"1.00"}]
["1.2.23",null,"c) Maintain Survey Control","Sum",{"v":1,"d":"1.00"}]
["1.2.24",null,"d) Subcontractor Management","Sum",{"v":1,"d":"1.00"}]
["1.2.25",null,"e) Maintaining Quality Control Plan","Sum",{"v":1,"d":"1.00"}]
["1.2.26",null,"f)……………………………………………………….."]
[1.3,8.5,"SUMS STATED PROVISIONALLY BY EMPLOYER'S AGENT"]
["1.3.1",null,"Provisional sum for materials control testing and Factory Acceptance Tests of additional Equipment ordered by the Employer's Agent except those listed in Schedule 6 of this BoQ","P.Sum",{"v":1,"d":"1.00"},null,{"v":70000,"d":"R 70,000.00"}]
["1.3.2",null,"Contractor's stated commission on the 1.3.1 provisional sum above","%"]
["1.3.3",null,"Supply of hired specialist equipment for the detection of services, testing and measurement verification by the Employer's Agent or Representative","P.Sum",{"v":1,"d":"1.00"},null,{"v":90000,"d":"R 90,000.00"}]
["1.3.4",null,"Contractor's stated commission on the 1.3.3 provisional sum above","%"]
["1.3.5",null,"Appointment of Project Communit Liason Officer (CLO) for the duration of Contract Period","P.Sum",{"v":1,"d":"1.00"},null,{"$f":"90*8*5*4*21","v":{"v":302400,"d":"R 302,400.00"}}]
["1.3.6",null,"Contractor's stated commission on the 1.3.5 provisional sum above","%"]
["1.3.7",null,"Formal Training of all Local Lobour","P.Sum",{"v":1,"d":"1.00"},null,{"$f":"8000*32","v":{"v":256000,"d":"R 256,000.00"}}]
["1.3.8",null,"Contractor's stated commission on the 1.3.7  provisional sum above","%"]
["1.3.9","PSX 6.7","Provision of imminent or special schedule maintanance spares associated with the new equipment supplied under this project as and when identified/requested by the Employer's Agent.","P.Sum",{"v":1,"d":"1.00"},null,{"v":500000,"d":"R 500,000.00"}]
["1.3.10",8.5,"Contractor's stated commission on the 1.3.9 provisional sum above","%"]
["1.3.11","PSX 6.6","Plant Operator training on all installed equipment and as a system","P.Sum",{"v":1,"d":"1.00"},null,{"v":200000,"d":"R 200,000.00"}]
["1.3.12",8.5,"Contractor's stated commission on the 1.3.11 provisional sum above","%"]
["1.3.13",null," Nothern Works CCTV Security System","P.Sum",{"v":1,"d":"1.00"},null,{"v":775000,"d":"R 775,000.00"}]
["1.3.14",null,"Contractor's stated commission on the 1.3.13 provisional sum above","%"]
["1.3.15",null,"Contract dispute resolution - Arbitration appointment","P.Sum",{"v":1,"d":"1.00"},null,{"v":300000,"d":"R 300,000.00"}]
["1.3.16",null,"Contractor's stated commission on the 1.3.15 provisional sum","%"]
["TOTAL CARRIED FORWARD"]
["TOTAL BROUGHT FORWARD"]
[1.4,"PSA 8.7","DAYWORKS (Provisional)"]
["1.4.1",null,"Labour:"]
["1.4.2",null,"a) Foreman","hour",{"$f":"8*2*3*15","v":{"v":720,"d":"720.00"}}]
["1.4.3",null,"b) Skilled","hour",{"$f":"8*3*4*15","v":{"v":1440,"d":"1440.00"}}]
["1.4.4",null,"c) Semi-skilled","hour",{"$f":"8*3*4*15","v":{"v":1440,"d":"1440.00"}}]
["1.4.5",null,"d) Unskilled","hour",{"$f":"8*3*4*15","v":{"v":1440,"d":"1440.00"}}]
["1.4.6",null,"Plant Equipment:"]
["1.4.7",null,"b) Min. 6m³ Tip truck:","hour",{"v":200,"d":"200.00"}]
["1.4.8",null,"c) TLB","hour",{"v":150,"d":"150.00"}]
["1.4.9",null,"d) Plate compactor","hour",{"v":150,"d":"150.00"}]
["1.4.10",null,"e) Generator and Breaker","hour",{"v":250,"d":"250.00"}]
["1.4.11",null,"f) Min. 10 ton Mobile Crane truck","hour",{"v":550,"d":"550.00"}]
["1.4.12",null,"g) Other (Tenderer to specify)…………………………","hour"]
["1.4.13",null,"Materials i.e. Backfilling sand, Polyelectrolyte,  etc, :"]
["1.4.14",null,"a) Supplied by the Contractor under Dayworks","P.Sum",{"v":1,"d":"1.00"},null,{"v":80000,"d":"R 80,000.00"}]
["1.4.15",null,"b) Contractor's stated commission on the 1.4.23 provisional sum above","%"]
[1.5,null,"OTHER FIXED CHARGES"]
["1.5.1","PSA 8.9","As-Built Survey","Sum",{"v":1,"d":"1.00"}]
["1.5.2",null,"Preparation of As-Built or Record Drawings"]
[null,null,"The cost shall include for the preparation, submission and acceptance by the Employer's Agent and shall only be due once the works have been successfully tested and commissioned.","sum",{"v":1,"d":"1.00"}]
[1.6,"SANS 1200 AB"," FACILITIES FOR EMPLOYER'S AGENT"]
["1.6.1","PSAB 8.2.5","Provision of telecommunication services ","P.Sum",{"v":1,"d":"1.00"},null,{"v":40000,"d":"R40,000.00"}]
["1.6.2","PSAB 8.2.6","Protective clothing and testing equipment","P.Sum",{"v":1,"d":"1.00"},null,{"v":10000,"d":"R10,000.00"}]
["1.6.3","PSAB 8.2.7","Photographic record of work","P.Sum",{"v":1,"d":"1.00"},null,{"v":100000,"d":"R100,000.00"}]
["1.6.4","PSAB 8.2.8","Stationery for the Employer's Agent's staff ","P.Sum",{"v":1,"d":"1.00"},null,{"v":12000,"d":"R12,000.00"}]
["1.6.5","PSAB 8.2.9","Computer equipment for the Employer's Agent's staff ","P.Sum",{"v":1,"d":"1.00"},null,{"v":100000,"d":"R100,000.00"}]
["1.6.6","PSAB 8.2.10","Contractor's stated commission on the item 1.6.1 to 1.6.5  provisional sum above","%"]
[1.7,null,"CONTRACTORS DOCUMENTATION FOR ALL SUPPLIED EQUIPMENT"]
["1.7.1",null,"Operations and Maintenance Manuals"]
["1.7.2",null,"The cost shall include for the preparation, submission and\nacceptance by the Employer's Agent and shall be broken down as follows:\n• 50% on submission of the Draft O & M Manuals\n• 25% on acceptance by the Employer's Agent of the Final O & M\nManuals\n• 25% after the successful commissioning of the works\nand training of the Employers Personnel","Sum",{"v":1,"d":"1.00"}]
[1.8,null,"DEFECTS LIABILITY PERIOD"]
["1.8.1",null,"Servicing and Maintenance of equipment during Defects Liability Period","Months",{"v":12,"d":"12.00"}]
["TOTAL FOR SCHEDULE 1 CARRIED FORWARD TO SUMMARY"]

{"sheet":"2.1 - Civil - Site Clear","index":2,"n_rows":43,"n_cols":7,"rows_kept":43,"merged":[[0,0,0,6],[42,0,42,5]]}
["SCHEDULE 2.1 : CIVIL ENGINEERING - SITE CLEARANCE"]
["ITEM\nNo.","PAYM.\nREFERS","DESCRIPTION","UNIT","QTY","RATE","   AMOUNT"]
[]
[2.1,null,{"$f":"A1","v":"SCHEDULE 2.1 : CIVIL ENGINEERING - SITE CLEARANCE"}]
[]
["2.1.1","SANS 1200C","SITE CLEARANCE"]
["2.1.2","8.2.1","Clear and Grub"]
["2.1.3",null,"a) Contractor Site Establishment","ha",{"v":0.07830000000000001,"d":"0.08"}]
["2.1.4",null,"b) New MCC Building for the Belt Press Set A","ha",{"v":0.07830000000000001,"d":"0.08"}]
["2.1.5",null,"c) New MCC Building for the Belt Press Set C","ha",{"v":0.033710870000000004,"d":"0.03"}]
["2.1.6",null,"d) Perimeter fencing","m",{"v":350,"d":"350.00"}]
[]
["2.1.7","8.2.2","Remove and grub large trees and tree stumps of girth"]
["2.1.8",null,"Over 1 m and up to and including 2 m"]
["2.1.9",null,"a) Contractor Site Establishment","No.",{"v":1,"d":"1.00"}]
["2.1.10",null,"b) MCC for the Belt Press Set A  - removal of paving and concrete road surface.","No.",{"v":1,"d":"1.00"}]
["2.1.11",null,"c) MCC for the Belt Press Set C  - removal of paving and concrete road surface.","No.",{"v":1,"d":"1.00"}]
[]
["2.1.12","8.2.8","Demolish and remove structures/buildings and dismantle steelwork, etc."]
["2.1.13",null,"Miscellaneous concrete debris smaller than 1m³ in volume"]
["2.1.14",null,"a) Contractor Site Establishment","No.",{"v":1,"d":"1.00"}]
["2.1.15",null,"b) MCC for the Belt Press Set A  - removal of paving and concrete road surface.","No.",{"v":1,"d":"1.00"}]
["2.1.16",null,"c) MCC for the Belt Press Set C  - removal of paving and concrete road surface.","No.",{"v":1,"d":"1.00"}]
["2.1.17",null,"d) Existing MCC for the A & C Belt Press  - Demolish and remove structure","No.",{"v":2,"d":"2.00"}]
["2.1.18",null,"d) Demolishing of existing concrete floor to construct Belt Press plinths, Bund walls, etc","m3",{"$f":"3","v":{"v":3,"d":"3.00"}}]
[]
["2.1.19","PSC 8.2.9","Transport materials and debris:"]
["2.1.20",null,"Rates tendered shall include for all haul to a registered municipal dump including any dumping charges levied."]
["2.1.21",null,"Demolished building and structures (see clause payment clause 8.2.8)","m³.km",{"v":100,"d":"100.00"}]
{"$rows_empty":13}
["TOTAL CARRIED FORWARD TO SCHEDULE 2.2"]

{"sheet":"2.2 - Civil New MCC for 6 Belts","index":3,"n_rows":140,"n_cols":7,"rows_kept":140,"merged":[[0,0,0,6],[2,0,2,4],[48,0,48,2],[49,0,49,2],[86,0,86,2],[87,0,87,2],[124,0,124,2],[125,0,125,2],[139,0,139,5]]}
["SCHEDULE 2.2 : CIVIL ENGINEERING - NEW MCC FOR BELT PRESS SET A (6 no. off)"]
["ITEM\nNo.","PAYM.\nREFERS","DESCRIPTION","UNIT","QTY","RATE","   AMOUNT"]
["TOTAL BROUGHT FORWARD FROM SECTION 2.1"]
[]
[2.2,null,{"$f":"A1","v":"SCHEDULE 2.2 : CIVIL ENGINEERING - NEW MCC FOR BELT PRESS SET A (6 no. off)"}]
[null,null,"Ref DWG: JW14060R-CE-001 & 002"]
[null,"SANS 1200D","Earth Works"]
["2.2.1","8.3.1","Site Preparation"]
["2.2.2","8.3.1.1","Clear and strip site","m²",{"$f":"136646999.9999/1000^2","v":{"v":136.6469999999,"d":"136.65"}}]
["2.2.3","8.3.1.2","Remove topsoil to nominal depth 150mm, stockpile and maintain","m²",{"$f":"136646999.9999/1000^2","v":{"v":136.6469999999,"d":"136.65"}}]
["2.2.4","8.3.8.1","Location"]
["2.2.5",null,"Excavate by hand in soft material to expose existing services:","m³",{"$f":"((77056564.3906-42724497.5675)/1000^2)*1.5+27.19","v":{"v":78.68810023465,"d":"78.69"}}]
["2.2.6","8.3.3","Restricted Excavation"]
["2.2.7",null,"Extra-over for:"]
["2.2.8",null,"1) Intermediate excavation","m³",{"$f":"(E12+((9541875.1442*4)/1000^2)*1.5)*0.2","v":{"v":27.18787021997,"d":"27.19"}}]
["2.2.9",null,"2) Hard Rock excavation","m³",{"$f":"E15","v":{"v":27.18787021997,"d":"27.19"}}]
["2.2.10","8.3.9","Extra-over for Backfill Material against Structures","m³",{"$f":"((9541875.1442*4)/1000^2)*1.5","v":{"v":57.25125086520001,"d":"57.25"}}]
[]
["2.2.11","SANS 1200G","Concrete Structural"]
["2.2.12",8.2,"Scheduled Formwork Items"]
["2.2.13","8.2.1","Rough"]
["2.2.14",null,"(1) Vertical to Strip Footing Foundations","m²",{"$f":"((3909000*2.5+2623500*2.5)/1000^2)*2.5","v":{"v":40.828125,"d":"40.83"}}]
["2.2.15",null,"(2) Vertical to cable trench floor slab","m²",{"$f":"(1166880*2.5+1894990*4.5)/1000^2","v":{"v":11.444655,"d":"11.44"}}]
["2.2.16","8.2.4","Special Smooth, Repaired and Rubbed Vertical to"]
["2.2.17",null,"(1) Vertical to Roof Slab Edge","m²",{"$f":"(3265000*2.5+ 2673718.4551*2.5)/1000^2","v":{"v":14.84679613775,"d":"14.85"}}]
["2.2.18",null,"(2) Horizontal to Roof slab","m²",{"$f":"(E47/0.2)*1.2","v":{"v":166.1232,"d":"166.12"}}]
[]
["2.2.19",8.3,"Scheduled Replacement Items"]
["2.2.20","8.3.1","Steel Bars"]
["2.2.21",null,"High-tensile steel"]
["2.2.22",null,"Nominal size 25mm to:"]
["2.2.23",null,"Strip Footing Foundations","t",{"$f":"E22*3%","v":{"v":1.22484375,"d":"1.22"}}]
["2.2.24",null,"Concrete Floor Slabs","t",{"$f":"(E43/0.2)*2.5%","v":{"v":1.5416983290025001,"d":"1.54"}}]
["2.2.25",null,"Cable Trench Floor Slab","t",{"$f":"(E45/0.2)*2.5%","v":{"v":0.729556419990875,"d":"0.73"}}]
["2.2.26",null,"Roof Slab","t",{"$f":"E26*3%","v":{"v":4.983696,"d":"4.98"}}]
["2.2.27","8.3.2","High-Tensile Welded Mesh:"]
["2.2.28",null,"(1) Floor Slab - Mesh Ref. 193"]
["2.2.29",null,"Slab to entrances plus apron slabs","m²",{"$f":"6.5+(15*2+10*2)*1","v":{"v":56.5,"d":"56.50"}}]
["2.2.30",8.4,"Scheduled Concrete Items"]
["2.2.31","8.4.2","Blinding Layer"]
["2.2.32",null,"(1) 15 Mpa no-fines concrete 50 mm thick","m³",{"$f":"SUM(E94:E96)*3.5%","v":{"v":13.006183757175002,"d":"13.01"}}]
["2.2.33","8.4.3","Strength Grade Concrete"]
["2.2.34",null,"(1.1) Floor Slab","m³",{"$f":"(95999999.9832/1000^2- ((77056564.3906-42724497.5675)/1000^2))*0.2","v":{"v":12.333586632020001,"d":"12.33"}}]
["2.2.35",null,"(1.2) Strip Footing Foundations","m³",{"$f":"((240000*4)/1000^2)*0.8","v":{"v":0.768,"d":"0.77"}}]
["2.2.36",null,"(1.3) Cable Trench Floor Slab","m³",{"$f":"((77056564.3906-42724497.5675)/1000^2)*0.17","v":{"v":5.836451359927,"d":"5.84"}}]
["2.2.37",null,"(1.4) Ramps to doorways","m³",{"$f":"E38*0.2","v":{"v":11.3,"d":"11.30"}}]
["2.2.38",null,"(1.5) Roof Slab","m³",{"$f":"(3265000/1000^2)*8.48","v":{"v":27.6872,"d":"27.69"}}]
["2.2.39",null,"(1.6) Apron slabs","m³",{"$f":"((2989409.1119+4003711.5516+9689630.6534+10996035.2653+13480516.6585)/1000^2)*0.1","v":{"v":4.11593032407,"d":"4.12"}}]
["TOTAL CARRIED FORWARD"]
["TOTAL BROUGHT FORWARD"]
["2.2.40","8.4.4","Unformed Surface Finishes"]
["2.2.41",null,"(1) Wood-floated finish to"]
["2.2.42",null,"Steel Fasteners (various sizes) for mounting of structural steelwork items including washers and corrosion isolation materials between dissimilar metals e.g. M16 or M20 threaded bolts, nuts and washers","t",{"v":0.4,"d":"0.40"}]
["2.2.43",null,"(1.2) Cable trench floor ","m²",{"$f":"E12","v":{"v":78.68810023465,"d":"78.69"}}]
["2.2.44",null,"(1.3) Ramp to FGL","m²",{"$f":"(3050743.2439*1.5)/1000^2","v":{"v":4.576114865849999,"d":"4.58"}}]
["2.2.45",null,"(1.4) Roof Slab","m²",{"$f":"E47/8.84","v":{"v":3.132036199095023,"d":"3.13"}}]
["2.2.46",null,"(1.5) Apron slabs","m²",{"$f":"E48/0.1","v":{"v":41.1593032407,"d":"41.16"}}]
["2.2.47",null,"Steel-floated finish to Floor Slab","m²",{"$f":"E43/0.17","v":{"v":72.55050960011765,"d":"72.55"}}]
[]
["2.2.48",8.5,"JOINTS"]
["2.2.49",null,"10mm Softboard with 10x10mm Polyurethane Sealant","m",{"$f":"(12.48*2+8.46*2)*1.5","v":{"v":62.82000000000001,"d":"62.82"}}]
["2.2.50",null,"Grooved Joint with Polyurethane Sealant","m",{"$f":"E61*32%","v":{"v":20.102400000000003,"d":"20.10"}}]
[]
["2.2.51","SANS 1200H","STRUCTURAL STEELWORK"]
[]
["2.2.52","8.3.1","Supply and Fabrication"]
["2.2.53","8.3.1.1","Preparation of shop detail drawings"]
["2.2.54",null,"(1) Angle Frame (50x50x6mm L Iron, including R8 lugs and 6x6mm Square Bar)","t",{"$f":"E76*1%","v":{"v":0.34332066821500007,"d":"0.34"}}]
["2.2.55","8.3.1.2","Supply and fabrication of steelwork"]
["2.2.56",null,"(1) Angle Frame (50x50x6mm L Iron, including R8 lugs and 6x6mm Square Bar)","t",{"$f":"E76*1%","v":{"v":0.34332066821500007,"d":"0.34"}}]
["2.2.57","8.3.2","Delivery to Site"]
["2.2.58","8.3.2.1","Normal Delivery"]
["2.2.59",null,"(1) Angle Frame (50x50x6mm L Iron, including R8 lugs and 6x6mm)","t",{"$f":"E76*1%","v":{"v":0.34332066821500007,"d":"0.34"}}]
["2.2.60","8.3.9","Flooring, Complete and Installed with Frames"]
["2.2.61",null,"(b) Floorplate Floors"]
["2.2.62",null,"VASTRAP ® flooring, 6.0mm thick","m²",{"$f":"34332066.8215/1000^2","v":{"v":34.33206682150001,"d":"34.33"}}]
[]
["2.2.63","SANS 1200HC","CORROSION PROTECTION OF STRUCTURAL STEELWORK"]
["2.2.64","8.2.3","Surface Preparation and Coating Application"]
["2.2.65",null,"a) in the shop","t",{"$f":"E73","v":{"v":0.34332066821500007,"d":"0.34"}}]
["2.2.66",null,"b) on Site","t",{"$f":"E80*10%","v":{"v":0.03433206682150001,"d":"0.03"}}]
[]
["2.2.67","SANS 1200LC","CABLE DUCTS"]
["2.2.68","8.2.5","Supply, Lay, Bed, and Prove Ducts (Including Draw Wires)"]
["2.2.69",null,"(1) Electrical cable ducts"]
["2.2.70",null,"(1.1) 160mm diam uPVC (Class 34) Heavy Duty to be infilled with \"Sika Boom Expanding Polyurethane Foam\" or similar approved.","No.",{"v":4,"d":"4.00"}]
["TOTAL CARRIED FORWARD"]
["TOTAL BROUGHT FORWARD"]
["2.2.71","PWB","BUILDING SPECIFICATION"]
[]
["2.2.72","PWB 13.1","Brickwork"]
[]
["2.2.73","PWB 13.1.1","230mm Thick"]
["2.2.74",null,"(1) Face brick - Exterior Walls - Makoro Dark Face Bricks in class II cement mortar","m²",{"$f":"((51584400+35193600)*2)/1000^2","v":{"v":173.556,"d":"173.56"}}]
["2.2.75",null,"(2) Interior Walls - Clay Stock Bricks in class II cement mortar","m²",{"$f":"E94","v":{"v":173.556,"d":"173.56"}}]
["2.2.76",null,"(3) Cable Trench Walls - Clay Stock Bricks in class II cement mortar","m²",{"$f":"((11360+6783.1483)*2*675)/1000^2","v":{"v":24.493250205000002,"d":"24.49"}}]
[]
["2.2.91",null,"Brickwork Sundries"]
["2.2.92",null,"Bagging of 1:6 cement sand mixture "]
["2.2.93",null,"(1) On outer face of inner skin of brick surfaces","m²",{"$f":"3.3*(13*2+8.2*2)*1.2","v":{"v":167.90399999999997,"d":"167.90"}}]
["2.2.94",null,"Brickwork reinforcement "]
["2.2.95",null,"(1) Reinforcement built in horizontally in one brick wall","m",{"$f":"3.3*(13*2+8.2*2)*2","v":279.84}]
["2.2.96",null,"Pre-stressed fabricated lintels "]
["2.2.97",null,"(1) 110 x 90mm Lintels in lengths not exceeding 3m","m",{"v":2,"d":"2.00"}]
[]
["2.2.98",null,"Plastering"]
["2.2.99",null,"One coat cement plaster on brickwork walls (internal)","m²",{"$f":"3.3*(13*2+8.2*2)*1.1","v":{"v":153.912,"d":"153.91"}}]
[]
["2.2.100",null,"Paintwork"]
["2.2.101",null,"On internal walls one coat Plascon UC56 plaster primer (thinned down 20% with mineral turpentine), and two coats Plascon Double Velvet paint","m²",{"$f":"E107","v":{"v":153.912,"d":"153.91"}}]
[]
["2.2.102","PWB 13.5","Iron Mongery"]
[]
["2.2.103","13.5.1","Steel Doors and Frames"]
["2.2.104",null,"(1) Standard 1.2mm for a single and double door access frame Mild Steel  Door and Jamb combination type DV with full louvres (2mm steel plate riveted to inside face of louvres)","No.",{"v":3,"d":"3.00"}]
["2.2.105",null,"Building louvres Size 495x1000mm (HxL), painted with vermin proof mesh","No.",{"v":4,"d":"4.00"}]
[]
["2.2.106","PWB 13.8","Miscellaneous Work "]
[]
["2.2.107",null,"(1) 290 x 290mm Standard PVC safety signs to comply with SANS 1186","No.",{"v":12,"d":"12.00"}]
["2.2.108",null,"Slip Joint between brickwork and underside roof slab , 2 layers 3 ply malthoid over 2 mm thick tempered Masonite over smooth mortar bed (Typical see \"Detail 2\" on dwg JW14060R-CE-001 & 2)","m",{"$f":"E61","v":{"v":62.82000000000001,"d":"62.82"}}]
[]
[]
[]
["TOTAL CARRIED FORWARD"]
["TOTAL BROUGHT FORWARD"]
[]
["2.2.109",null,"Draw pits / manholes"]
["2.2.110",null,"1600 mm x 1600 mm x 920 mm (internal dimensions) cable manhole including excavations, backfilling, 170 mm concrete floor slab, 200 mm concrete walls, 200 mm concrete roof slab. Inclusive of single size 30mm crushed stone in 200 mm x 800 mm x 1200 mm in recess slab.","No",{"v":1,"d":"1.00"}]
[]
["2.2.111",null,"Ancillaries to Draw pits/manholes"]
["2.2.112",null,"Supply, place and cast into position angle supports and protection complete with Fish Lugs","No",{"v":1,"d":"1.00"}]
["2.2.113",null,"Lockable Manhole Cover \"Akses 800\" or similar approved as per SANS 50124","No",{"v":1,"d":"1.00"}]
[]
["2.2.114",null,"Waterproofing"]
["2.2.115",null,"a) 4mm Derbigum SP4 fully bonded waterproofing membrane including sealed to the roof deck by torch-on fusion with 75mm side laps and 100mm end laps including priming with bitumen primer and finished with two coats Derbigum Aluminium Paint. laid under a 10 year guarantee by an approved specialist sub-contractor. ","m²",{"$f":"13*8.2*1.2","v":127.91999999999999}]
["2.2.116",null,"b) One layer of 375 micron \"Consol Plastics Gunplas USB Green\" waterproof sheeting sealed at laps with \"Gunplas Pressure Sensitive Tape\"  ","m²",{"$f":"E136*1.58","v":202.1136}]
["2.2.117",null,"(c) One layer of 375 micron Brikgrip DPC embossed damp proof in walls","m²",{"$f":"3.3*(13*2+8.2*2)*1.1","v":153.912}]
["2.2.118",null,"(d) Two coats \"Brixeal\" bitumen emulsion waterproof coating on outer brick walls","m²",{"$f":"3.3*(13*2+8.2*2)","v":139.92}]
["TOTAL CARRIED FORWARD TO SCHEDULE 2.3"]

{"sheet":"2.3 - Civil New MCC for 4 Belts","index":4,"n_rows":133,"n_cols":7,"rows_kept":133,"merged":[[0,0,0,6],[2,0,2,4],[47,0,47,2],[48,0,48,2],[89,0,89,2],[90,0,90,2],[124,0,124,2],[125,0,125,2],[132,0,132,5]]}
["SCHEDULE 2.3 : CIVIL ENGINEERING - NEW MCC FOR BELT PRESS SET C (4 no. off)"]
["ITEM\nNo.","PAYM.\nREFERS","DESCRIPTION","UNIT","QTY","RATE","   AMOUNT"]
["TOTAL BROUGHT FORWARD FROM SECTION 2.2"]
[]
[2.3,null,{"$f":"A1","v":"SCHEDULE 2.3 : CIVIL ENGINEERING - NEW MCC FOR BELT PRESS SET C (4 no. off)"}]
[null,null,"Ref DWG: JW14060-CE-003 & 002"]
[null,"SANS 1200D","Earth Works"]
["2.3.1","8.3.1","Site Preparation"]
["2.3.2","8.3.1.1","Clear and strip site","m²",{"$f":"91686201.9659/1000^2","v":{"v":91.6862019659,"d":"91.69"}}]
["2.3.3","8.3.1.2","Remove topsoil to nominal depth 150mm, stockpile and maintain","m²",{"$f":"E9","v":{"v":91.6862019659,"d":"91.69"}}]
["2.3.4","8.3.8.1","Location"]
["2.3.5",null,"c) Excavate by hand in soft material to expose existing services:","m³",{"$f":"(26420799.9982/1000^2)*1.5","v":{"v":39.6311999973,"d":"39.63"}}]
["2.3.6","8.3.3","Restricted Excavation"]
["2.3.7",null,"b) Extra-over for:"]
["2.3.8",null,"1) Intermediate excavation","m³",{"$f":"E12+(3553253.5528/1000^2)*1.5*4","v":{"v":60.9507213141,"d":"60.95"}}]
["2.3.9",null,"2) Hard Rock excavation","m³",{"$f":"E15*0.5","v":{"v":30.47536065705,"d":"30.48"}}]
["2.3.10","8.3.9","Extra-over for Backfill Material against Structures","m³",{"$f":"(3553253.5528/1000^2)*1.5*4","v":{"v":21.3195213168,"d":"21.32"}}]
[]
["2.3.11","SANS 1200G","Concrete Structural"]
["2.3.12",8.2,"Scheduled Formwork Items"]
["2.3.13","8.2.1","Rough"]
["2.3.14",null,"(1) Vertical to Strip Footing Foundations","m²",{"$f":"((3309000*2.5+2023500*2.5)/1000^2)*2.5","v":{"v":33.328125,"d":"33.33"}}]
["2.3.15",null,"(2) Vertical to cable trench floor slab","m²",{"$f":"(1554990*4.5+826880*2.5)/1000^2","v":{"v":9.064655,"d":"9.06"}}]
["2.3.16","8.2.4","Special Smooth, Repaired and Rubbed Vertical to"]
["2.3.17",null,"(1) Vertical to Roof Slab Edge","m²",{"$f":"(2062900.4*2.5+2765000*2.5)/1000^2","v":{"v":12.069751,"d":"12.07"}}]
["2.3.18",null,"(2) Horizontal to Roof slab","m²",{"$f":"(E53/0.2)*1.2","v":{"v":112.81199999999998,"d":"112.81"}}]
[]
["2.3.19",8.3,"Scheduled Replacement Items"]
["2.3.20","8.3.1","Steel Bars"]
["2.3.21",null,"High-tensile steel,  Nominal size 25mm to:"]
["2.3.22",null,"Strip Footing Foundations","t",{"$f":"E22*3%","v":{"v":0.9998437499999999,"d":"1.00"}}]
["2.3.23",null,"Concrete Floor Slabs","t",{"$f":"(E45/0.2)*2.5%","v":{"v":0.8314900000525001,"d":"0.83"}}]
["2.3.24",null,"Cable Trench Floor Slab","t",{"$f":"(E45/0.2)*3%","v":{"v":0.997788000063,"d":"1.00"}}]
["2.3.25",null,"Roof Slab","t",{"$f":"E26*2.5%","v":{"v":2.8202999999999996,"d":"2.82"}}]
["2.3.26","8.3.2","High-Tensile Welded Mesh:"]
["2.3.27",null,"(1) Floor Slab - Mesh Ref. 193"]
["2.3.28",null,"Slab to entrances plus apron slabs","m²",{"$f":"(2897681.4239+1433517.8434)/1000^2*1.5+10*2+11*1","v":{"v":37.49679890095,"d":"37.50"}}]
[]
["2.3.29",8.4,"Scheduled Concrete Items"]
["2.3.30","8.4.2","Blinding Layer"]
["2.3.31",null,"(1) 15 Mpa no-fines concrete 50 mm thick","m³",{"$f":"SUM(E95:E97)*3.2%","v":{"v":9.5020415999872,"d":"9.50"}}]
["2.3.32","8.4.3","Strength Grade Concrete"]
[]
["2.3.33",null,"(1) 30Mpa/19mm concrete"]
["2.3.34",null,"(1.1) Floor Slab","m³",{"$f":"(59680400.0003-26420799.9982)/1000^2*0.2","v":{"v":6.6519200004200005,"d":"6.65"}}]
["2.3.35",null,"(1.2) Strip Footing Foundations","m³",{"$f":"'[1]2.2 - Civil New MCC for 6 Belts'!E45","v":{"v":0.768,"d":"0.77"}}]
[]
["TOTAL CARRIED FORWARD"]
["TOTAL BROUGHT FORWARD"]
[]
["2.3.36",null,"(1.3) Cable Trench Floor Slab","m³",{"$f":"(26420799.9982*0.2)/1000^2","v":{"v":5.28415999964,"d":"5.28"}}]
["2.3.37",null,"(1.4) Ramps to doorways","m³",{"$f":"E37*0.2","v":{"v":7.49935978019,"d":"7.50"}}]
["2.3.38",null,"(1.5) Roof Slab","m³",{"$f":"(2765000/1000^2)*6.8","v":{"v":18.802,"d":"18.80"}}]
["2.3.39",null,"(1.6) Apron slabs","m³",{"$f":"( 21478807.3993/1000^2)*0.1","v":{"v":2.14788073993,"d":"2.15"}}]
[]
["2.3.40","8.4.4","Unformed Surface Finishes"]
["2.3.41",null,"(1) Wood-floated finish to"]
["2.3.42",null,"Steel Fasteners (various sizes) for mounting of structural steelwork items including washers and corrosion isolation materials between dissimilar metals e.g. M16 or M20 threaded bolts, nuts and washers","t",{"v":0.4,"d":"0.40"}]
["2.3.43",null,"(1.2) Cable trench floor ","m²",{"$f":"E51/0.2","v":{"v":26.4207999982,"d":"26.42"}}]
["2.3.44",null,"(1.3) Ramp to FGL","m²",{"$f":"E52/0.2","v":{"v":37.49679890095,"d":"37.50"}}]
["2.3.45",null,"(1.4) Roof Slab","m²",{"$f":"E53/0.2","v":{"v":94.00999999999999,"d":"94.01"}}]
["2.3.46",null,"Steel-floated finish to Floor Slab","m²",{"$f":"E45/0.2","v":{"v":33.2596000021,"d":"33.26"}}]
["2.3.47",8.5,"JOINTS"]
["2.3.48",null,"10mm Softboard with 10x10mm Polyurethane Sealant","m",{"$f":"10.48*2.5+6.46*2.5","v":42.35}]
["2.3.49",null,"Grooved Joint with Polyurethane Sealant","m",{"$f":"E64*32%","v":{"v":13.552000000000001,"d":"13.55"}}]
[]
["2.3.50","SANS 1200H","STRUCTURAL STEELWORK"]
["2.3.51","8.3.1","Supply and Fabrication"]
["2.3.52","8.3.1.1","Preparation of shop detail drawings"]
["2.3.53",null,"(1) Angle Frame (50x50x6mm L Iron, including R8 lugs and 6x6mm Square Bar)","t",{"$f":"E78*1%","v":{"v":0.264207999982,"d":"0.26"}}]
["2.3.54","8.3.1.2","Supply and fabrication of steelwork"]
["2.3.55",null,"(1) Angle Frame (50x50x6mm L Iron, including R8 lugs and 6x6mm Square Bar)","t",{"$f":"E78*1%","v":{"v":0.264207999982,"d":"0.26"}}]
["2.3.56","8.3.2","Delivery to Site"]
["2.3.57","8.3.2.1","Normal Delivery"]
["2.3.58",null,"(1) Angle Frame (50x50x6mm L Iron, including R8 lugs and 6x6mm)","t",{"$f":"E78*1%","v":{"v":0.264207999982,"d":"0.26"}}]
["2.3.59","8.3.9","Flooring, Complete and Installed with Frames"]
["2.3.60",null,"(b) Floorplate Floors"]
["2.3.61",null,"VASTRAP ® flooring, 6.0mm thick","m²",{"$f":"26420799.9982/1000^2","v":{"v":26.4207999982,"d":"26.42"}}]
[]
["2.3.62","SANS1200HC","CORROSION PROTECTION OF STRUCTURAL STEELWORK"]
["2.3.63","8.2.3","Surface Preparation and Coating Application"]
["2.3.64",null,"a) in the shop","t",{"$f":"E75","v":{"v":0.264207999982,"d":"0.26"}}]
["2.3.65",null,"b) on Site","t",{"$f":"E82*10%","v":{"v":0.026420799998200004,"d":"0.03"}}]
[]
["2.3.66","SANS1200 LC","CABLE DUCTS"]
["2.3.67","8.2.5","Supply, Lay, Bed, and Prove Ducts (Including Draw Wires)"]
["2.3.68",null,"(1) Electrical cable ducts"]
["2.3.69",null,"(1.1) 160mm diam uPVC (Class 34) Heavy Duty to be infilled with \"Sika Boom Expanding Polyurethane Foam\" or similar approved.","No.",{"v":4,"d":"4.00"}]
[]
["TOTAL CARRIED FORWARD"]
["TOTAL BROUGHT FORWARD"]
["2.3.70","PWB","BUILDING SPECIFICATION"]
["2.3.71","PWB 13.1","Brickwork"]
["2.3.72","PWB 13.1.1","230mm Thick"]
["2.3.73",null,"(1) Face brick - Exterior Walls - Makoro Dark Face Bricks in class II cement mortar","m²",{"$f":"((43513599.9999+26873600)/1000^2)*2","v":{"v":140.7743999998,"d":"140.77"}}]
["2.3.74",null,"(2) Interior Walls - Clay Stock Bricks in class II cement mortar","m²",{"$f":"E95","v":{"v":140.7743999998,"d":"140.77"}}]
["2.3.75",null,"(3) Cable Trench Walls - Clay Stock Bricks in class II cement mortar","m²",{"$f":"((8.3+0.9)*2+(0.9+2.6+0.9))*0.675","v":{"v":15.390000000000004,"d":"15.39"}}]
[]
["2.3.76",null,"Brickwork Sundries"]
["2.3.77",null,"Bagging of 1:6 cement sand mixture "]
["2.3.78",null,"(1) On outer face of inner skin of brick surfaces","m²",{"$f":"3.3*(11*2+6.8*2)*1.2","v":{"v":140.976,"d":"140.98"}}]
["2.3.79",null,"Brickwork reinforcement "]
["2.3.80",null,"(1) Reinforcement built in horizontally in one brick wall","m",{"$f":"3.3*(11*2+6.8*2)*2","v":234.96}]
["2.3.81",null,"Pre-stressed fabricated lintels "]
["2.3.82",null,"(1) 110 x 90mm Lintels in lengths not exceeding 3m","m",{"v":2,"d":"2.00"}]
[]
["2.3.83",null,"Plastering"]
["2.3.84",null,"One coat cement plaster on brickwork walls (internal)","m²",{"$f":"3.3*(11*2+6.8*2)*1.1","v":{"v":129.228,"d":"129.23"}}]
[]
["2.3.85",null,"Paintwork"]
["2.3.86",null,"On internal walls one coat Plascon UC56 plaster primer (thinned down 20% with mineral turpentine), and two coats Plascon Double Velvet paint","m²",{"$f":"E108","v":{"v":129.228,"d":"129.23"}}]
[]
["2.3.87","PWB 13.5","Iron Mongery"]
["2.3.88","13.5.1","Steel Doors and Frames"]
["2.3.89",null,"(1) Standard 1.2mm for a single and double door access frame Mild Steel  Door and Jamb combination type DV  with full louvres (2mm steel plate riveted to inside face of louvres)","No.",{"v":3,"d":"3.00"}]
[]
["2.3.90","PWB 13.8","Miscellaneous Work "]
["2.3.91",null,"(1) 290 x 290mm Standard PVC safety signs to comply with SANS 1186","No.",{"v":12,"d":"12.00"}]
["2.3.92",null,"Slip Joint between brickwork and underside roof slab , 2 layers 3 ply malthoid over 2 mm thick tempered Masonite over smooth mortar bed (Typical see \"Detail 2\" on dwg JW14060R-CE-003 & 4)","m",{"$f":"E64","v":42.35}]
["2.3.93",null,"Draw pits / manholes"]
["2.3.94",null,"1600 mm x 1600 mm x 920 mm (internal dimensions) cable manhole including excavations, backfilling, 170 mm concrete floor slab, 200 mm concrete walls, 200 mm concrete roof slab. Inclusive of single size 30mm crushed stone in 200 mm x 800 mm x 1200 mm in recess slab","No",{"v":1,"d":"1.00"}]
["2.3.95",null,"Ancillaries to Draw pits/manholes"]
["2.3.96",null,"Supply, place and cast into position angle supports and protection complete with Fish Lugs","No",{"v":1,"d":"1.00"}]
["2.3.97",null,"Lockable Manhole Cover \"Akses 800\" or similar approved as per SANS 50124","No",{"v":1,"d":"1.00"}]
["TOTAL CARRIED FORWARD"]
["TOTAL BROUGHT FORWARD"]
[]
["2.3.98",null,"Waterproofing"]
["2.3.99",null,"a) 4mm Derbigum SP4 fully bonded waterproofing membrane including sealed to the roof deck by torch-on fusion with 75mm side laps and 100mm end laps including priming with bitumen primer and finished with two coats Derbigum Aluminium Paint. laid under a 10 year guarantee by an approved specialist sub-contractor. ","m²",{"$f":"11*6.8*1.2","v":89.75999999999999}]
["2.3.100",null,"b) One layer of 375 micron \"Consol Plastics Gunplas USB Green\" waterproof sheeting sealed at laps with \"Gunplas Pressure Sensitive Tape\"  ","m²",{"$f":"E129*1.58","v":141.8208}]
["2.3.101",null,"(c) One layer of 375 micron Brikgrip DPC embossed damp proof in walls","m²",{"$f":"3.3*(11*2+6.8*2)*1.1","v":129.228}]
["2.3.102",null,"(d) Two coats \"Brixeal\" bitumen emulsion waterproof coating on outer brick walls","m²",{"$f":"3.3*(11*2+6.8*2)","v":117.48}]
["TOTAL CARRIED FORWARD TO SCHEDULE 2.4"]

{"sheet":"2.4 Civil Solar Battery Room","index":5,"n_rows":126,"n_cols":7,"rows_kept":126,"merged":[[0,0,0,6],[2,0,2,4],[46,0,46,2],[47,0,47,2],[89,0,89,2],[90,0,90,2],[125,0,125,5]]}
["SCHEDULE 2.4 : CIVIL ENGINEERING - NEW SOLAR BATTERY ROOM"]
["ITEM\nNo.","PAYM.\nREFERS","DESCRIPTION","UNIT","QTY","RATE","   AMOUNT"]
["TOTAL BROUGHT FORWARD FROM SECTION 2.3"]
[]
[2.4,null,{"$f":"A1","v":"SCHEDULE 2.4 : CIVIL ENGINEERING - NEW SOLAR BATTERY ROOM"}]
[null,null,"Ref DWG: JW14060-CE-003 & 002"]
[null,"SANS 1200D","Earth Works"]
["2.4.1","8.3.1","Site Preparation"]
["2.4.2","8.3.1.1","Clear and strip site","m²",{"$f":"(91686201.9659/1000^2)*((3*4)/(10*6))","v":{"v":18.33724039318,"d":"18.34"}}]
["2.4.3","8.3.1.2","Remove topsoil to nominal depth 150mm, stockpile and maintain","m²",{"$f":"E9","v":{"v":18.33724039318,"d":"18.34"}}]
["2.4.4","8.3.8.1","Location"]
["2.4.5",null,"c) Excavate by hand in soft material to expose existing services:","m³",{"$f":"(26420799.9982/1000^2)*1.5*((3*4)/(10*6))","v":{"v":7.926239999460001,"d":"7.93"}}]
["2.4.6","8.3.3","Restricted Excavation"]
["2.4.7",null,"b) Extra-over for:"]
["2.4.8",null,"1) Intermediate excavation","m³",{"$f":"E12+(3553253.5528/1000^2)*1.5*4","v":{"v":29.24576131626,"d":"29.25"}}]
["2.4.9",null,"2) Hard Rock excavation","m³",{"$f":"E15*0.5","v":{"v":14.62288065813,"d":"14.62"}}]
["2.4.10","8.3.9","Extra-over for Backfill Material against Structures","m³",{"$f":"(3553253.5528/1000^2)*1.5*4*((3*4)/(10*6))","v":{"v":4.26390426336,"d":"4.26"}}]
[]
["2.4.11","SANS 1200G","Concrete Structural"]
["2.4.12",8.2,"Scheduled Formwork Items"]
["2.4.13","8.2.1","Rough"]
["2.4.14",null,"(1) Vertical to Strip Footing Foundations","m²",{"$f":"((3309000*2.5+2023500*2.5)/1000^2)*2.5*((3*4)/(10*6))","v":{"v":6.665625,"d":"6.67"}}]
["2.4.15",null,"(2) Vertical to cable trench floor slab","m²",{"$f":"((1554990*4.5+826880*2.5)/1000^2)*((3*4)/(10*6))","v":{"v":1.812931,"d":"1.81"}}]
["2.4.16","8.2.4","Special Smooth, Repaired and Rubbed Vertical to"]
["2.4.17",null,"(1) Vertical to Roof Slab Edge","m²",{"$f":"((2062900.4*2.5+2765000*2.5)/1000^2)*((3*4)/(10*6))","v":{"v":2.4139502000000004,"d":"2.41"}}]
["2.4.18",null,"(2) Horizontal to Roof slab","m²",{"$f":"(E51/0.2)*1.2","v":{"v":4.51248,"d":"4.51"}}]
[]
["2.4.19",8.3,"Scheduled Replacement Items"]
["2.4.20","8.3.1","Steel Bars"]
["2.4.21",null,"High-tensile steel,  Nominal size 25mm to:"]
["2.4.22",null,"Strip Footing Foundations","t",{"$f":"E22*3%","v":{"v":0.19996875,"d":"0.20"}}]
["2.4.23",null,"Concrete Floor Slabs","t",{"$f":"(E45/0.2)*2.5%","v":{"v":0.16629800001050002,"d":"0.17"}}]
["2.4.24",null,"Cable Trench Floor Slab","t",{"$f":"(E49/0.2)*3%","v":{"v":0.1585247999892,"d":"0.16"}}]
["2.4.25",null,"Roof Slab","t",{"$f":"E26*2.5%","v":{"v":0.11281200000000001,"d":"0.11"}}]
["2.4.26","8.3.2","High-Tensile Welded Mesh:"]
["2.4.27",null,"(1) Floor Slab - Mesh Ref. 193"]
["2.4.28",null,"Slab to entrances","m²",{"$f":"(2897681.4239+1433517.8434)/1000^2*1.5*((3*4)/(10*6))","v":{"v":1.2993597801899999,"d":"1.30"}}]
[]
["2.4.29",8.4,"Scheduled Concrete Items"]
["2.4.30","8.4.2","Blinding Layer"]
["2.4.31",null,"(1) 15 Mpa no-fines concrete 50 mm thick","m³",{"$f":"SUM(E90:E94)*3.2%","v":{"v":1.9004083199974402,"d":"1.90"}}]
["2.4.32","8.4.3","Strength Grade Concrete"]
[]
["2.4.31",null,"(1) 30Mpa/19mm concrete"]
["2.4.32",null,"(1.1) Floor Slab","m³",{"$f":"(59680400.0003-26420799.9982)/1000^2*0.2*((3*4)/(10*6))","v":{"v":1.3303840000840002,"d":"1.33"}}]
["2.4.33",null,"(1.2) Strip Footing Foundations","m³",{"$f":"'[1]2.2 - Civil New MCC for 6 Belts'!E45*((3*4)/(10*6))","v":{"v":0.15360000000000001,"d":"0.15"}}]
["TOTAL CARRIED FORWARD"]
["TOTAL BROUGHT FORWARD"]
["2.4.34",null,"(1.3) Cable Trench Floor Slab","m³",{"$f":"(26420799.9982*0.2)/1000^2*((3*4)/(10*6))","v":{"v":1.056831999928,"d":"1.06"}}]
["2.4.35",null,"(1.4) Ramps to doorways","m³",{"$f":"E37*0.2","v":{"v":0.259871956038,"d":"0.26"}}]
["2.4.36",null,"(1.5) Roof Slab","m³",{"$f":"(2765000/1000^2)*6.8*((3*4)/(10*6))*((3*4)/(10*6))","v":{"v":0.7520800000000001,"d":"0.75"}}]
["2.4.37",null,"(1.6) Apron slabs","m³",{"$f":"( 21478807.3993/1000^2)*0.1*((3*4)/(10*6))","v":{"v":0.4295761479860001,"d":"0.43"}}]
[]
["2.4.38","8.4.4","Unformed Surface Finishes"]
["2.4.39",null,"(1) Wood-floated finish to"]
["2.4.40",null,"Steel Fasteners (various sizes) for mounting of structural steelwork items including washers and corrosion isolation materials between dissimilar metals e.g. M16 or M20 threaded bolts, nuts and washers","t",{"$f":"0.4*((3*4)/(10*6))","v":{"v":0.08000000000000002,"d":"0.08"}}]
["2.4.41",null,"(1.2) Cable trench floor ","m²",{"$f":"E49/0.2","v":{"v":5.28415999964,"d":"5.28"}}]
["2.4.42",null,"(1.3) Ramp to FGL","m²",{"$f":"E50/0.2","v":{"v":1.2993597801899999,"d":"1.30"}}]
["2.4.43",null,"(1.4) Roof Slab","m²",{"$f":"E51/0.2","v":{"v":3.7604,"d":"3.76"}}]
["2.4.44",null,"(1.5) Apron slabs","m²",{"$f":"E52/0.1","v":{"v":4.29576147986,"d":"4.30"}}]
["2.4.45",null,"Steel-floated finish to Floor Slab","m²",{"$f":"E45/0.2","v":{"v":6.6519200004200005,"d":"6.65"}}]
["2.4.46",8.5,"JOINTS"]
["2.4.47",null,"10mm Softboard with 10x10mm Polyurethane Sealant","m",{"$f":"(10.48*2.5+6.46*2.5)*((3*4)/(10*6))","v":8.47}]
["2.4.48",null,"Grooved Joint with Polyurethane Sealant","m",{"$f":"E63*32%","v":{"v":2.7104000000000004,"d":"2.71"}}]
[]
["2.4.49","SANS 1200H","STRUCTURAL STEELWORK"]
["2.4.50","8.3.1","Supply and Fabrication"]
["2.4.51","8.3.1.1","Preparation of shop detail drawings"]
["2.4.52",null,"(1) Angle Frame (50x50x6mm L Iron, including R8 lugs and 6x6mm Square Bar)","t",{"$f":"E77*1%","v":{"v":0.0528415999964,"d":"0.05"}}]
["2.4.53","8.3.1.2","Supply and fabrication of steelwork"]
["2.4.54",null,"(1) Angle Frame (50x50x6mm L Iron, including R8 lugs and 6x6mm Square Bar)","t",{"$f":"E77*1%","v":{"v":0.0528415999964,"d":"0.05"}}]
["2.4.55","8.3.2","Delivery to Site"]
["2.4.56","8.3.2.1","Normal Delivery"]
["2.4.57",null,"(1) Angle Frame (50x50x6mm L Iron, including R8 lugs and 6x6mm)","t",{"$f":"E77*1%","v":{"v":0.0528415999964,"d":"0.05"}}]
["2.4.58","8.3.9","Flooring, Complete and Installed with Frames"]
["2.4.59",null,"(b) Floorplate Floors"]
["2.4.60",null,"VASTRAP ® flooring, 6.0mm thick","m²",{"$f":"26420799.9982/1000^2*((3*4)/(10*6))","v":{"v":5.28415999964,"d":"5.28"}}]
[]
["2.4.61","SANS 1200HC","CORROSION PROTECTION OF STRUCTURAL STEELWORK"]
["2.4.62","8.2.3","Surface Preparation and Coating Application"]
["2.4.63",null,"a) in the shop","t",{"$f":"E74","v":{"v":0.0528415999964,"d":"0.05"}}]
["2.4.64",null,"b) on Site","t",{"$f":"E81*10%","v":{"v":0.00528415999964,"d":"0.01"}}]
["2.4.65","SANS1200 LC","CABLE DUCTS"]
["2.4.66","8.2.5","Supply, Lay, Bed, and Prove Ducts (Including Draw Wires)"]
["2.4.67",null,"(1) Electrical cable ducts"]
["2.4.68",null,"(1.1) 160mm diam uPVC (Class 34) Heavy Duty to be infilled with \"Sika Boom Expanding Polyurethane Foam\" or similar approved.","No.",{"v":0,"d":"0.00"}]
["2.4.69","PWB","BUILDING SPECIFICATION"]
["2.4.70","PWB 13.1","Brickwork"]
["2.4.71","PWB 13.1.1","230mm Thick"]
["TOTAL CARRIED FORWARD"]
["TOTAL BROUGHT FORWARD"]
["2.4.72",null,"(1) Face brick - Exterior Walls - Makoro Dark Face Bricks in class II cement mortar","m²",{"$f":"((43513599.9999+26873600)/1000^2)*2*((3*4)/(10*6))","v":{"v":28.154879999960002,"d":"28.15"}}]
["2.4.73",null,"(2) Interior Walls - Clay Stock Bricks in class II cement mortar","m²",{"$f":"E92","v":{"v":28.154879999960002,"d":"28.15"}}]
["2.4.74",null,"(3) Cable Trench Walls - Clay Stock Bricks in class II cement mortar","m²",{"$f":"((8.3+0.9)*2+(0.9+2.6+0.9))*0.675*((3*4)/(10*6))","v":{"v":3.078000000000001,"d":"3.08"}}]
[]
["2.4.75",null,"Brickwork Sundries"]
["2.4.76",null,"Bagging of 1:6 cement sand mixture "]
["2.4.77",null,"(1) On outer face of inner skin of brick surfaces","m²",{"$f":"3.3*(3.2*2+3.3*2)*1.2","v":51.48}]
["2.4.78",null,"Brickwork reinforcement "]
["2.4.79",null,"(1) Reinforcement built in horizontally in one brick wall","m",{"$f":"3.3*(4.2*2+3.3*2)*2","v":{"v":99,"d":"99.00"}}]
["2.4.80",null,"Pre-stressed fabricated lintels "]
["2.4.81",null,"(1) 110 x 90mm Lintels in lengths not exceeding 3m","m",{"v":1,"d":"1.00"}]
[]
["2.4.82",null,"Plastering"]
["2.4.83",null,"One coat cement plaster on brickwork walls (internal)","m²",{"$f":"3.3*(4.2*2+3.3*2)*1.1","v":54.45}]
[]
["2.4.84",null,"Paintwork"]
["2.4.85",null,"On internal walls one coat Plascon UC56 plaster primer (thinned down 20% with mineral turpentine), and two coats Plascon Double Velvet paint","m²",{"$f":"E105","v":54.45}]
[]
["2.4.86","PWB 13.5","Iron Mongery"]
["2.4.87","13.5.1","Steel Doors and Frames"]
["2.4.88",null,"(1) Standard 1.2mm for a single door access frame Mild Steel  Door and Jamb combination type DV  with full louvres (2mm steel plate riveted to inside face of louvres) with electronic access","No.",{"v":1,"d":"1.00"}]
[]
["2.4.89","PWB 13.8","Miscellaneous Work "]
["2.4.90",null,"(1) 290 x 290mm Standard PVC safety signs to comply with SANS 1186","No.",{"v":12,"d":"12.00"}]
["2.4.91",null,"Slip Joint between brickwork and underside roof slab , 2 layers 3 ply malthoid over 2 mm thick tempered Masonite over smooth mortar bed (Typical see \"Detail 2\" on dwg JW14060-CE-003 & 4)","m",{"$f":"E63","v":8.47}]
[]
["2.4.92",null,"Waterproofing"]
["2.4.93",null,"a) 4mm Derbigum SP4 fully bonded waterproofing membrane including sealed to the roof deck by torch-on fusion with 75mm side laps and 100mm end laps including priming with bitumen primer and finished with two coats Derbigum Aluminium Paint. laid under a 10 year guarantee by an approved specialist sub-contractor. ","m²",{"$f":"4.2*3.3*1.2","v":16.631999999999998}]
["2.4.94",null,"b) One layer of 375 micron \"Consol Plastics Gunplas USB Green\" waterproof sheeting sealed at laps with \"Gunplas Pressure Sensitive Tape\"  ","m²",{"$f":"E119*1.58","v":26.27856}]
["2.4.95",null,"(c) One layer of 375 micron Brikgrip DPC embossed damp proof in walls","m²",{"$f":"3.3*(3.3*2+4.2*2)*1.1","v":54.45}]
["2.4.96",null,"(d) Two coats \"Brixeal\" bitumen emulsion waterproof coating on outer brick walls","m²",{"$f":"3.3*(3.3*2+4.2*2)","v":49.5}]
[]
[]
[]
["TOTAL CARRIED FORWARD TO SCHEDULE 2.5"]

{"sheet":"2.5 - Civil General","index":6,"n_rows":150,"n_cols":13,"rows_kept":150,"merged":[[0,0,0,6],[1,0,2,0],[1,1,2,1],[1,2,2,2],[1,3,2,3],[1,4,2,4],[1,5,2,5],[1,6,2,6],[1,7,1,9],[1,10,1,12],[3,0,3,4],[45,0,45,2],[46,0,46,2],[62,3,63,3],[62,4,63,4],[62,5,63,5],[62,6,63,6],[64,0,67,0],[64,3,67,3],[64,4,67,4],[64,5,67,5],[64,6,67,6],[68,0,70,0],[68,3,70,3],[68,4,70,4],[68,5,70,5],[68,6,70,6],[71,0,73,0],[71,3,73,3],[71,4,73,4],[71,5,73,5],[71,6,73,6],[76,0,76,2],[77,0,77,2],[107,0,107,2],[108,0,108,2],[149,0,149,5]]}
["SCHEDULE 2.5 : CIVIL ENGINEERING - BELT PRESS STRUCTURAL SUPPORT AND GENERAL ITEMS"]
["ITEM\nNo.","PAYM.\nREFERS","DESCRIPTION","UNIT","QTY","RATE","   AMOUNT",{"$f":"[1]Summary!D2","v":{"$error":"#REF!"}},null,null,{"$f":"[1]Summary!F2","v":{"$error":"#REF!"}}]
[{"$nulls":7},"QTY","RATE","   AMOUNT","QTY","RATE","   AMOUNT"]
["TOTAL BROUGHT FORWARD FROM SCHEDULE 2.4"]
[]
[2.5,null,{"$f":"A1","v":"SCHEDULE 2.5 : CIVIL ENGINEERING - BELT PRESS STRUCTURAL SUPPORT AND GENERAL ITEMS"}]
[]
["2.5.1","SANS 1200D","Earthworks"]
["2.5.2","8.3.1","Site Preparation"]
["2.5.3","8.3.1.1","Clear and strip site","m²",{"v":10.7,"d":"10.70"},{"$nulls":3},{"v":34.436600000000006,"d":"R34.44"},{"$f":"H10*I10","v":0},null,{"v":34.436600000000006,"d":"R34.44"},{"$f":"K10*L10","v":0}]
["2.5.4","8.3.1.2","Break existing concrete and remove material to nominal depth 150mm, stockpile and maintain location","m²",{"v":10.7,"d":"10.70"},{"$nulls":3},{"v":40.339475,"d":"R40.34"},0,null,{"v":40.339475,"d":"R40.34"},0]
["2.5.5",null,"Excavate by hand in soft material to expose existing services (e.g. sludge pipe tie-in point and  wash water supply pumps:","m³",{"$f":"15*PI()","v":{"v":47.12388980384689,"d":"47.12"}},{"$nulls":3},{"v":221.177687233416,"d":"R221.18"},0,null,{"v":221.177687233416,"d":"R221.18"},0]
["2.5.6","8.3.3","Restricted Excavation"]
["2.5.7",null,"Extra-over for:"]
["2.5.8",null,"1) Intermediate excavation","m³",{"$f":"E12*35%","v":{"v":16.49336143134641,"d":"16.49"}},{"$nulls":3},{"v":43.17347424036971,"d":"R43.17"},{"$f":"H15*I15","v":0},null,{"v":43.17347424036971,"d":"R43.17"},{"$f":"K15*L15","v":0}]
["2.5.9",null,"2) Hard Rock excavation","m³",{"$f":"E15","v":{"v":16.49336143134641,"d":"16.49"}},{"$nulls":3},{"v":681.0061382560579,"d":"R681.01"},0,null,{"v":681.0061382560579,"d":"R681.01"},0]
["2.5.10","8.3.9","Extra-over for Backfill Material against Structures","m³",{"$f":"E12","v":{"v":47.12388980384689,"d":"47.12"}},{"$nulls":3},{"v":106.2029088228188,"d":"R106.20"},0,null,{"v":106.2029088228188,"d":"R106.20"},0]
[]
["2.5.1","SANS 1200G","Structural Concrete"]
["2.5.12",null,"Scheduled formwork Items"]
["2.5.13","8.2.5","Rough","m2",{"$f":"(0.6*0.7*4*4*10)","v":{"v":67.2,"d":"67.20"}},{"$nulls":3},{"v":232.05,"d":"R232.05"},{"$f":"H21*I21","v":0},null,{"v":232.05,"d":"R232.05"},{"$f":"K21*L21","v":0}]
["2.5.14","8.2.2","Smooth","m2",{"$f":"(5.982+4.19+6.96+2.25+6.96+4.577+4.19+3.4+3.4+10.472+7.44+8.36+2.049*2+5.33+16.72+6.73)*0.3*2","v":{"v":60.6354,"d":"60.64"}},{"$nulls":3},{"v":348.06,"d":"R348.06"},0,null,{"v":348.06,"d":"R348.06"},0]
[]
["2.5.15",null,"Scheduled Concrete Items"]
["2.5.16","8.4.3","Strength Concrete, Grade, Concrete class 30MPa/19mm "]
["2.5.17","8.4.3 a)","In Foundations - Bund walls, pump and tanks plinths",{"$nulls":4},{"v":100,"d":"100.00"},{"v":1343.33,"d":"R1,343.33"},{"$f":"H26*I26","v":{"v":134333,"d":"R134,333.00"}},{"v":95,"d":"95.00"},{"v":1343.33,"d":"R1,343.33"},{"$f":"K26*L26","v":{"v":127616.34999999999,"d":"R127,616.35"}}]
["2.5.18",null,"Bund walls as per JW14060-CE-005","m³",{"$f":"((97988489.5-89334203.3)/1000^2+(48865260.2-40976323.7)/1000^2+(77913731.9-70906976)/1000^2)*0.3*115%","v":{"v":8.124742617000003,"d":"8.12"}}]
["2.5.19",null,"Bund walls as per JW14060-CE-006","m³",{"$f":"(132368939.9-120176398.9)/1000^2*0.3","v":{"v":3.6577623,"d":"3.66"}}]
["2.5.20",null,"Bund walls as per JW14060-CE-007","m³",{"$f":"(11560000-9000000.1)/1000^2*0.3*110%","v":{"v":0.8447999670000002,"d":"0.84"}}]
["2.5.21",null,"Belt Press bund walls as per JW14060-ME-006 \n& JW14060-ME-007","m³",{"$f":"((536000*2+364800*2)/(1000^2))*0.3*10*115%","v":{"v":6.21552,"d":"6.22"}}]
[]
["2.5.22",null,"Levelling Screed - Class 10MPa"]
["2.5.23",null,"Bund walls as per JW14060-CE-005","m2",{"$f":"(89334203.3+40976323.7+70906976-21647536.9-8552986-38216031.3-11192914.1)/1000^2","v":{"v":121.6080347,"d":"121.61"}}]
["2.5.24",null,"Bund walls as per JW14060-CE-006","m2",{"$f":"(120176398.9-20830722.8*2)/1000^2","v":{"v":78.51495330000002,"d":"78.51"}}]
["2.5.25",null,"Bund walls as per JW14060-CE-007","m2",{"$f":"(11560000-9000000.1)/1000^2","v":{"v":2.5599999,"d":"2.56"}}]
["2.5.26",null,"Belt Press bund walls as per JW14060-ME-006/7","m2",{"$f":"((536000*2+364800*2)/(1000^2))*10*115%","v":{"v":20.7184,"d":"20.72"}}]
[]
["2.5.27","8.4.3 b)","In stub columns - Belt Press supports base","m3",{"$f":"(0.7*0.7*0.55)*4*'[1]3.2 -  Mech. New Belt Press '!E9","v":{"v":10.779999999999998,"d":"10.78"}},null,null,{"$f":"(0.7*0.7*0.55)*4*'[1]3.2 -  Mech. New Belt Press '!H9","v":{"v":10.779999999999998,"d":"10.78"}},{"v":1287.1,"d":"R1,287.10"},{"v":13874.937999999996,"d":"R13,874.94"},{"$f":"(0.7*0.7*0.55)*4*'[1]3.2 -  Mech. New Belt Press '!K9","v":{"v":6.467999999999999,"d":"6.47"}},{"v":1287.1,"d":"R1,287.10"},{"v":8324.962799999998,"d":"R8,324.96"}]
["2.5.28",8.5,"Joints"]
["2.5.29",null,"10mm Softboard with 10x10mm Polyurethane Sealant","m",{"$f":"ROUND(((0.7+0.7)*2*4*10)*110%,0)","v":{"v":123,"d":"123.00"}},null,null,{"$f":"ROUND(((0.7+0.7)*2*4*10)*110%,0)","v":{"v":123,"d":"123.00"}},{"v":137.61,"d":"R137.61"},{"$f":"H40*I40","v":{"v":16926.030000000002,"d":"R16,926.03"}},{"$f":"ROUND(((0.7+0.7)*2*4*10)*110%,0)","v":{"v":123,"d":"123.00"}},{"v":137.61,"d":"R137.61"},{"$f":"K40*L40","v":{"v":16926.030000000002,"d":"R16,926.03"}}]
[]
["2.5.30",8.3,"Scheduled Reinforcement Items"]
["2.5.31",null,"Steel bar in stub columns: High tensile-25mm","t",0.94]
["2.5.32",null,"Steel bar in Foundations and Bund walls: High tensile-25mm","t",{"v":1.5,"d":"1.50"},null,null,{"v":32,"d":"32.00"},{"v":10264.17,"d":"R10,264.17"},{"$f":"H44*I44","v":{"v":328453.44,"d":"R328,453.44"}},{"v":28,"d":"28.00"},{"v":10264.17,"d":"R10,264.17"},{"$f":"K44*L44","v":{"v":287396.76,"d":"R287,396.76"}}]
["2.5.33",null,"Bundwall floors Slab - Mesh Ref. 193","m2",{"$f":"SUM(E33:E36)","v":{"v":223.40138790000003,"d":"223.40"}},null,null,{"v":5,"d":"5.00"},{"v":10264.17,"d":"R10,264.17"},{"v":51320.85,"d":"R51,320.85"},{"v":4.2,"d":"4.20"},{"v":10264.17,"d":"R10,264.17"},{"v":43109.514,"d":"R43,109.51"}]
["TOTAL CARRIED FORWARD"]
["TOTAL BROUGHT FORWARD"]
["2.5.34","8.7 a)","30 Mpa Non-Shrink grout under structural steel bases","m3",0.75,null,null,0.75,{"v":42858.46,"d":"R42,858.46"},{"$f":"I48*(IF(H48=\"Lump sum\",1,H48))","v":{"v":32143.845,"d":"R32,143.85"}},0.67,{"v":42858.46,"d":"R42,858.46"},{"$f":"L48*(IF(K48=\"Lump sum\",1,K48))","v":{"v":28715.1682,"d":"R28,715.17"}}]
[]
["2.5.35","SANS 1200H","STRUCTURAL STEEL WORK (Supply, fabrication, delivery and installation)"]
["2.5.36",{"v":8.3,"d":"8.30"},"SCHEDULED ITEMS"]
["2.5.37","8.3.1.2","Rates quoted for structural steel items shall include cost of supply, fabrication, transport, erection on site and shop detailing. The Contractor shall submit shop drawings of all the structural items required and material list to the Employer's Agent for approval at least two weeks prior to the commencement of fabrication."]
[null,null,"All rolled steel sections including hollow sections are to conform to SANS 1431 grade 350WA"]
[null,null,"The rates quoted shall include cost of all necessary nuts, bolts, washers etc"]
[null,null,"All crabon streuctural steel mebers and sections including nuts, bolts washers are to be Hot Dip Galvanized (Heavy Duty) as per SANS 121: 2000"]
[null,null,"Isolation material against galvanic corrosion shall be used where required"]
[]
["2.5.38","8.3.1.2 i)","Hot rolled 152x152*23 H Steel Sections for Belt Press Supports","t",0.92]
["2.5.39","8.3.1.2 iii)","304L Stainless Steel Equal Angles (L50X50X5) in bracings for Sludge cake Chutes","t",{"v":0.135972,"d":"0.14"}]
["2.5.40","8.3.1.2 iv) ","Base plates and Cleats/gussets etc with shaped plates, thickness varies from 5mm and 20mm, welded and or bolted","t",{"v":0.5,"d":"0.50"}]
["2.5.41",null,"4.5mm 304L Stainless Sludge Cake Extension Chute","m²",{"v":45,"d":"45.00"},null,null,{"$f":"(23*(1*4*'[1]3.2 -  Mech. New Belt Press '!H9))/1000","v":0.92},{"v":34815.62,"d":"R34,815.62"},{"$f":"H61*I61","v":{"v":32030.370400000003,"d":"R32,030.37"}},{"$f":"(23*(1*4*'[1]3.2 -  Mech. New Belt Press '!K9))/1000","v":{"v":0.552,"d":"0.55"}},{"v":34815.62,"d":"R34,815.62"},{"$f":"K61*L61","v":{"v":19218.222240000003,"d":"R19,218.22"}}]
[{"$nulls":7},{"$f":"(3.777*2*'[1]3.2 -  Mech. New Belt Press '!H9*1.8)/1000","v":{"v":0.135972,"d":"0.14"}},{"v":34815.62,"d":"R34,815.62"},{"v":4733.9494826400005,"d":"R4,733.95"},{"$f":"(3.777*2*'[1]3.2 -  Mech. New Belt Press '!K9*1.8)/1000","v":{"v":0.08158320000000001,"d":"0.08"}},{"v":34815.62,"d":"R34,815.62"},{"v":2840.3696895840003,"d":"R2,840.37"}]
["2.5.42",null,"Open grid floors and Stair case.",{"$nulls":4},{"$f":" ROUND((64+6*8+10.5+7.5*2+21.5*2+5.5*6+16)*110%,0)","v":{"v":252,"d":"252.00"}},{"$f":"801*1.1589","v":{"v":928.2789,"d":"R928.28"}},{"v":233926.28280000002,"d":"R233,926.28"},{"v":130,"d":"130.00"},{"$f":"801*1.1589","v":{"v":928.2789,"d":"R928.28"}},{"v":120676.257,"d":"R120,676.26"}]
[null,null,"NB: Rates to include for all steel material the appropriate Corrosion protection i.e. Hot dipped galvanized to SANS 121",{"$nulls":4},{"$f":"10*(3*1.5)","v":{"v":45,"d":"45.00"}},null,0,{"$f":"'[1]3.2 -  Mech. New Belt Press '!K9*(3*1.5)","v":{"v":27,"d":"27.00"}},null,0]
["2.5.43",null,"Platform and Staircases steelwork including welding to include;","t",{"$f":"(23*2*(E69^0.5/(2.4*1.2))*4)/1000+(20.3*(E69^0.5)*4)/1000+((4.47+5.42)*E69^0.5*2)/1000","v":{"v":2.6430493534038284,"d":"2.64"}},null,null,{"v":1,"d":"1.00"},{"$f":"SUM(H61+#REF!+10)*(7200*(1+5%*9))","v":{"$error":"#REF!"}},{"$error":"#REF!"},{"v":1,"d":"1.00"},{"$f":"SUM(K61+#REF!+10)*(7200*(1+5%*9))","v":{"$error":"#REF!"}},{"$error":"#REF!"}]
[null,null,"· Universal support beams - 152x152x23",{"$nulls":4},{"v":0.4,"d":"0.40"},{"$f":"24500.96*(1+5%*9)","v":{"v":35526.392,"d":"R35,526.39"}},{"v":14210.5568,"d":"R14,210.56"},{"v":0.4,"d":"0.40"},{"$f":"24500.96*(1+5%*9)","v":{"v":35526.392,"d":"R35,526.39"}},{"v":14210.5568,"d":"R14,210.56"}]
[null,null,"· Parallel flange channels - 180x70PFC"]
[null,null,"· Rolled steel angles - 50X50X6L AND 60X60X6L"]
["2.5.44",null,"Platform or walkway grating; 40mm Bearer Bars @ 43mm centers,","m²",257,null,null,{"v":5,"d":"5.00"},{"$f":"29660.26*1.1589","v":{"v":34373.275314,"d":"R34,373.28"}},{"$f":"H69*I69","v":{"v":171866.37657,"d":"R171,866.38"}},{"v":5,"d":"5.00"},{"$f":"29660.26*1.1589","v":{"v":34373.275314,"d":"R34,373.28"}},{"$f":"K69*L69","v":{"v":171866.37657,"d":"R171,866.38"}}]
[null,null,"7,6mm Transverse Bars @ 50mm centers",{"$nulls":4},{"v":8,"d":"8.00"},{"$f":"1267.15*1.1589","v":{"v":1468.5001350000002,"d":"R1,468.50"}},{"$f":"H70*I70","v":{"v":11748.001080000002,"d":"R11,748.00"}},{"v":8,"d":"8.00"},{"$f":"1267.15*1.1589","v":{"v":1468.5001350000002,"d":"R1,468.50"}},{"$f":"K70*L70","v":{"v":11748.001080000002,"d":"R11,748.00"}}]
[null,null,"Serrated, Banded , Galvanized",{"$nulls":4},{"v":1,"d":"1.00"},{"v":60001,"d":"R60,001.00"},{"$f":"H71*I71","v":{"v":60001,"d":"R60,001.00"}},{"v":1,"d":"1.00"},{"v":60002,"d":"R60,002.00"},{"$f":"K71*L71","v":{"v":60002,"d":"R60,002.00"}}]
["2.5.45",null,"Sump or drain covers; 30mm Bearer Bars @ 43mm centers","m²",4]
[null,null,"7,6mm Transverse Bars @ 50mm centers",{"$nulls":4},{"v":1,"d":"1.00"},{"$f":"82600*1.1589","v":{"v":95725.14,"d":"R95,725.14"}},{"v":95725.14,"d":"R95,725.14"},{"v":1,"d":"1.00"},{"$f":"82600*1.1589","v":{"v":95725.14,"d":"R95,725.14"}},{"v":95725.14,"d":"R95,725.14"}]
[null,null,"Serrated, Banded , Galvanized "]
["2.5.46",null,"Stair treadS standard rectagrid with 30 x 4.5 bearer bars & 750 x 245/25mm wide Galvanized ","No.",96]
[]
["TOTAL CARRIED FORWARD"]
["TOTAL BROUGHT FORWARD"]
["2.5.47",null,"Non-slip nosing on all stair threads or landing edges","m",73.5,null,null,{"$f":"(97601417.9*20%+40746144.9+110566000*40%+77335970.7*40%+20467375)/1000^2","v":{"v":155.89459176,"d":"155.89"}},{"$f":"(68000/156)*110%","v":{"v":479.48717948717956,"d":"R479.49"}},{"$f":"H79*I79","v":{"v":74749.4581003077,"d":"R74,749.46"}},{"$f":"(97601417.9*20%+40746144.9+110566000*40%+77335970.7*40%+20467375)/1000^2","v":{"v":155.89459176,"d":"155.89"}},{"$f":"(68000/156)*110%","v":{"v":479.48717948717956,"d":"R479.49"}},{"$f":"K79*L79","v":{"v":74749.4581003077,"d":"R74,749.46"}}]
["2.5.48",null,"kick-flat 130x8mm galvanized","m",126]
["2.5.49",null,"Handrails fabrication, supply and installation complete from Hot dipped galvanized steel - Twin Rails of 34mm OD","m",252]
["2.5.50",null,"Steel Fasteners (various sizes) for mounting of structural steelwork items including washers and corrosion isolation materials between dissimilar metals e.g. M16 or M20 threaded bolts, fixing clips, nuts and washers","sum",1]
["2.5.51",null,"Shop detailing drawings preparation","sum",1]
[{"$nulls":7},{"v":6,"d":"6.00"},{"$f":"(23892)*125%","v":{"v":29865,"d":"R29,865.00"}},{"$f":"H84*I84","v":{"v":179190,"d":"R179,190.00"}},{"v":6,"d":"6.00"},{"$f":"(23892)*125%","v":{"v":29865,"d":"R29,865.00"}},{"$f":"K84*L84","v":{"v":179190,"d":"R179,190.00"}}]
["2.5.52",null,"Scheduled Miscellaneous Items"]
["2.5.53",null,"Access Doors"]
["2.5.54",null,"Galvanised steel sliding door (Industrial type) for main access to the Belt Press Building of 2800mm wide  x 6000 mm high opening","No.",{"v":5,"d":"5.00"}]
[]
["2.5.55",null,"Plant room louvers"]
["2.5.56",null,"Ventilation Aluminium Panels retrofitted into Building sheeting Louvre panel of size 500 x 300mm","No.",{"v":8,"d":"8.00"}]
[]
[null,null,"Structural Steelwork"]
["2.5.57","SANS 1200 HB","Supply and install Fasteners , and re-bolting of the existing Sheeting to the existing building's Architectural requirements","P. sum",{"v":1,"d":"1.00"},null,{"v":50000,"d":"R50,000.00"}]
["2.5.58",null,"New Crawl beams and Refurbishment of the old","P. sum",{"v":1,"d":"1.00"},null,{"v":90000,"d":"R90,000.00"}]
["2.5.59",null,"Contractor's stated commission on the 2.5.57 and 2.5.58 provisional sum above","%",null,{"$f":"SUM(G93:G94)","v":{"v":140000,"d":"R140,000.00"}}]
[]
["2.5.60",null,"Dewatering building floor coating - Specialist coating to be applied by an approved applicator"]
[null,null,"Mechanically prepare surface and vacuum clean. Prime and apply \"Vuka Crete LC or similar approved)  at a minimal thickness of 2mm in strict accordance with the manufacturer's instructions "]
["2.5.61",null,"Bund walls as per drawings JW14060-CE-005,6&7","m²",{"$f":"(97601417.9*20%+40746144.9+110566000*40%+77335970.7*40%+20467375)/1000^2*1.05","v":{"v":163.689321348,"d":"163.69"}},{"$nulls":4},{"$f":"SUM(J43:J87)","v":{"$error":"#REF!"}},null,null,{"$f":"SUM(M43:M87)","v":{"$error":"#REF!"}}]
["2.5.62",null,"Dewatering building concrete floor walkways and demarcation as per drawing JW14060-ME-001&2","m²",{"$f":"(249117871.8+234943946.4+81791778.6+202009899.8)/(1000^2)","v":{"v":767.8634966000002,"d":"767.86"}}]
[null,null," "]
["2.5.63",null,"Ventilation for the MCC Room"]
["2.5.64",null,"Ventilation MCC Filters mesh (600x600) Complete Unit Supply","No.",{"v":8,"d":"8.00"}]
[null,null," "]
["2.5.65",null,"Safety shower and eye bath"]
["2.5.66",null,"304L Stainless steel safety shower and eye baths as per the requirements specified on Johannesburg Water M30 Polyelectrolyte handling, storage and dosing equipment Particular specification","No.",{"v":2,"d":"2.00"}]
["2.5.67",null,"Fencing Around the Dewatering Building as per JW14060-STD-003"]
["TOTAL CARRIED FORWARD"]
["TOTAL BROUGHT FORWARD"]
[]
["2.5.68",null,"Security palisade/ steel fencing complete as per details in drawing JW14060R-STD-003 including all material, resources and labour for fabrication, supply and installation","m",{"v":400,"d":"400.00"}]
["2.5.69",null,"Painting and Coating of fence and access gates complete","sum",{"v":1,"d":"1.00"}]
["2.5.70",null,"Fabrication, supply, delivery and Installation of Vehicular Access Gate","No.",{"v":3,"d":"3.00"}]
["2.5.71",null,"Fabrication, supply, delivery and Installation of Gate for Pedestrian Access ","No.",{"v":1,"d":"1.00"}]
{"$rows_empty":35}
["TOTAL FOR SCHEDULE 2 CARRIED FORWARD TO SUMMARY"]

{"sheet":"3.1 - Mech Poly, Water & Sludge","index":7,"n_rows":144,"n_cols":7,"rows_kept":144,"merged":[[0,0,0,6],[1,0,2,0],[1,1,2,1],[1,2,2,2],[1,3,2,3],[1,4,2,4],[1,5,2,5],[1,6,2,6],[22,0,22,2],[23,0,23,2],[60,0,60,2],[61,0,61,2],[84,0,84,2],[85,0,85,2],[122,0,122,2],[123,0,123,2],[143,0,143,5]]}
["SECTION 3.1 : MECHANICAL ENGINEERING - SUPPLY OF POLYELECTROLYTE, SLUDGE AND WASH WATER MAIN"]
["ITEM\nNo.","PAYM.\nREFERS","DESCRIPTION","UNIT","QTY","RATE","   AMOUNT"]
[]
[]
[3.1,null,{"$f":"A1","v":"SECTION 3.1 : MECHANICAL ENGINEERING - SUPPLY OF POLYELECTROLYTE, SLUDGE AND WASH WATER MAIN"}]
[null,null,"Ref Dwg: JW14060-ME-001 to 006 & JW14060-CI-001 to 012"]
[]
["3.1.1","PSX 6.2","Decommission, Dismantle, handle (loading & offloading) and transport to an on/offsite storage facility"]
["3.1.1.1",null,"Removal of redundant Polyelectrolyte Hopper, preparation, delivery and storage associated equipment","sum",{"v":1,"d":"1.00"}]
["3.1.1.2",null,"Polyelectrolyte Transfer  and Dosing pumps","No.",{"v":6,"d":"6.00"}]
["3.1.1.3",null,"Polyelectrolyte mixers or stirrers unit","No.",{"v":3,"d":"3.00"}]
["3.1.1.4",null,"Screw feeder and hopper","No.",{"v":1,"d":"1.00"}]
["3.1.1.5",null,"Polyelectrolyte pipework and redundant associated equipment","sum",{"v":1,"d":"1.00"}]
["3.1.1.6",null,"Washwater Feed and Transfer pumps with associated drive units","No.",{"v":5,"d":"5.00"}]
["3.1.1.7",null,"Washwater feed and transfer pipework and associated equipment","sum",{"v":1,"d":"1.00"}]
["3.1.1.8",null,"Removal of Sludge supply pumps with associated drive units","No.",{"v":2,"d":"2.00"}]
["3.1.1.9",null,"Removal of Sludge pipework and associated equipment","sum",{"v":1,"d":"1.00"}]
["3.1.1.10",null,"Assets Disposal","ton/km",{"$f":"((4500*10*1.5)/(1000*36))*2","v":3.75}]
[]
["3.1.2","PSX 6.3","Fabricate, Supply, Deliver and Store (if required) on site with documentation"]
["3.1.2.1","PSX 6.4","Polyelectrolyte Preparation and Storage Silo Equipment\n· Silo paint rehabilitation\n· Filling Pipe Assembly\n· Proximity Switch for Filter Start/Stop\n· Flanged Pneumatic Conveying blow-line\n· Silo Supporting Structure\n· Silo Handrailing and Access Cat Ladder\n· Silo Inspection Manhole Cover\n· Over pressure valve\n· Emergency Level Switch\n· Vibrating Bin Discharge c/w motor\n· Side mount filter housing and reverse jet filter c/w fan motor\n· Pulsating sequential controller\n· Compressed air regulation station\n  Weather Cover for the Roof Instrumentation","P. sum",{"v":1,"d":"1.00"},null,{"v":600000,"d":"R600,000.00"}]
["3.1.2.2",null,"Powder Polyelectrolyte Dosing Equipment (from Silo to Poly make up tanks)\n· Discharge Control valve\n· Dosing screw surge bin \n· Dosing screw and air eductor with drive motor at 180kg/hr\n· Jet fan blower with drive motor at 250m3/hr @ 35kPa\n· Associated High and low level protection instrumentation","P. sum",{"v":1,"d":"1.00"},null,{"v":270000,"d":"R270,000.00"}]
["TOTAL CARRIED FORWARD"]
["TOTAL BROUGHT FORWARD"]
[]
["3.1.2.3",null,"Interconnecting galvanised piping, associated fittings and  ancillaries","P. sum",{"v":1,"d":"1.00"},null,{"v":50000,"d":"R50,000.00"}]
["3.1.2.4",null,"Contractor's stated commission on the 3.1.2.1 to 3.1.2.3 provisional sum above","%",null,{"$f":"SUM(G21:G26)","v":{"v":920000,"d":"R 920,000.00"}}]
[]
["3.1.2.5",null,"Polyelectrolyte Solution Make-up Tanks (Ref: JW14060-CI-010 & JW14060-ME-001)"]
["3.1.2.6",null,"Polyelectrolyte Transfer (positive displacement) Pumps ( 1 Duty/ 1 Standby) at 28.8m³/hr","No.",{"v":6,"d":"6.00"}]
["3.1.2.7",null,"Stirrer/Mixer with drive unit (motor, speed reducer, etc..)","No.",{"v":2,"d":"2.00"}]
["3.1.2.8",null,"Interconnecting galvanised piping, associated fittings and bolting ancillaries","sum",{"v":1,"d":"1.00"}]
["3.1.2.9",null,"Isolation ball Valves - sizes between DN25 and DN 50","No.",{"$f":"E30*2+6","v":{"v":18,"d":"18.00"}}]
["3.1.2.10",null,"DN25 Polyelectrolyte Discharge Control valves with actuators","No.",{"v":2,"d":"2.00"}]
["3.1.2.11",null,"DN25 Pressure relief valves for each valve discharge","No.",{"$f":"E30","v":{"v":6,"d":"6.00"}}]
["3.1.2.12",null,"Drain, clean and refurb where required of the stainless steel 35m³ and 49m³ Polyelectrolyte make-up tanks","sum",{"v":1,"d":"1.00"}]
["3.1.2.13",null,"DN50 Solenoids valve for wash water feed","No.",{"$f":"3*2","v":{"v":6,"d":"6.00"}}]
[]
["3.1.2.14",null,"Polyelectrolyte Manual Loading onto x2 Make-up tanks"]
["3.1.2.15",null,"Polyelectrolyte Hopper and structural support","No.",{"v":1,"d":"1.00"}]
["3.1.2.16",null,"Propeller or Screw Feeder with Drive unit","No.",{"$f":"E40","v":{"v":1,"d":"1.00"}}]
["3.1.2.17",null,"Jet filter c/w fan motor for powder dosing","No.",{"$f":"E40","v":{"v":1,"d":"1.00"}}]
["3.1.2.18",null,"Associated steelwork including discharge feed troughs or chutes and bolting ancillaries","sum",{"v":1,"d":"1.00"}]
[]
["3.1.2.19",null,"Wash Water Transfer Pumps with Associated equipment \nRefer drawing JW14060-CI-011 & JW14060-ME-032"]
["3.1.2.20",null,"Wash water transfer pumps (End-suction Centrifugal type) with drive units @ 540m³/hr at 15m","No.",{"v":2,"d":"2.00"}]
["3.1.2.21",null,"Wash water transfer by-pump (self-priming Centrifugal type) with drive units for the Unit 3 Chlorine contact chamber @ 540m³/hr at 15m","No.",{"v":1,"d":"1.00"}]
["3.1.2.22",null,"Wash water Isolation resilient seated non-rising valves DN250","No.",{"$f":"2*SUM(E46:E47)","v":{"v":6,"d":"6.00"}}]
["3.1.2.23",null,"Wash water  Non-return valve with flanges DN250","No.",{"$f":"SUM(E46:E47)","v":{"v":3,"d":"3.00"}}]
["3.1.2.24",null,"80NB Waste water air and vacuum valve","No.",{"$f":"SUM(E46:E47)+1","v":{"v":4,"d":"4.00"}}]
["3.1.2.26",null,"Pipework as per the schedule listed on drawing JW14060-ME-032 except those items listed between 3.1.2.19 to 3.1.2.25","sum",{"v":1,"d":"1.00"}]
["3.1.2.27",null,"Glycerine filled Pressure gauges with tell tale installed with each ancillaries as per detail in drawing JW14060-ME-032","No.",{"$f":"2*E46+2*E47","v":{"v":6,"d":"6.00"}}]
[]
["3.1.2.28",null,"Wash Water Supply Pumps with Associated equipment (Ref: JW14060-ME-008, JW14060-ME-009 & JW14060-CI-012)"]
["3.1.2.29",null,"Washwater supply (End-suction centrifugal type) pumps at the Dewatering Building with drive units @ 250m³/hr at 85m","No.",{"v":4,"d":"4.00"}]
["3.1.2.30",null,"Wash water Isolation resilient seated non-rising valves DN300","No.",{"$f":"E55+2","v":{"v":6,"d":"6.00"}}]
["3.1.2.31",null,"Wash water Isolation resilient seated non-rising valves DN200","No.",{"v":3,"d":"3.00"}]
["3.1.2.32",null,"Wash water  Non-return valve with flanges DN200","No.",{"v":3,"d":"3.00"}]
["3.1.2.33",null,"Wash water Isolation resilient seated non-rising valves DN150","No.",{"v":7,"d":"7.00"}]
["3.1.2.34",null,"Wash water Automatic backwash Strainer DN150","No.",{"v":2,"d":"2.00"}]
["TOTAL CARRIED FORWARD"]
["TOTAL BROUGHT FORWARD"]
[]
["3.1.2.35",null,"Wash water manual bypass Strainer DN150","No.",{"v":2,"d":"2.00"}]
["3.1.2.36",null,"Wash water control valves (DN150 pressure reducing and flow control)","No.",{"v":7,"d":"7.00"}]
["3.1.2.37",null,"80NB Waste water air and vacuum valve","No.",{"v":1,"d":"1.00"}]
["3.1.2.38",null,"Interconnecting piping, associated fittings and bolting ancillaries as per pipe schedule in drawing JW14060-ME-008","sum",{"v":1,"d":"1.00"}]
["3.1.2.39",null,"Glycerine filled Pressure gauges with tell tale installed with each ancillaries as per detail 8 in drawing JW14060-ME-009","No.",{"$f":"2*E55","v":{"v":8,"d":"8.00"}}]
[]
["3.1.2.40",null,"Sludge Supply Pumps and Associated equipment (Ref: JW14060-ME-010 & JW14060-CI-012)"]
["3.1.2.41",null,"Sludge transfer (self-priming) pump with drive motor @ 396m³/hr at 20m","No.",{"v":2,"d":"2.00"}]
["3.1.2.42",null,"Glycerine filled Pressure gauges with tell tale","No.",{"v":4,"d":"4.00"}]
["3.1.2.43",null,"Pipework for Tie-in Point for the Belt Press Set C","sum",{"v":1,"d":"1.00"}]
["3.1.2.44",null,"Isolation Knife gate valves DN250","No.",{"v":3,"d":"3.00"}]
["3.1.2.45",null,"Pipework relating to modifications  mainline flowmeter bypass as schedule in drawings JW14060-ME-010","sum",{"v":1,"d":"1.00"}]
["3.1.2.46",null,"Glycerine filled Pressure gauges with tell tale installed with each ancillaries as per detail 8 in drawing JW14060-ME-009","No.",{"$f":"2*E71","v":{"v":4,"d":"4.00"}}]
[]
["3.1.3","PSX 6.4","Handle and Install"]
["3.1.3.1",null,"Polyelectrolyte Preparation and Storage Silo Equipment\n· Silo paint rehabilitation\n· Filling Pipe Assembly\n· Proximity Switch for Filter Start/Stop\n· Flanged Pneumatic Conveying blow-line\n· Silo Supporting Structure\n· Silo Handrailing and Access Cat Ladder\n· Silo Inspection Manhole Cover\n· Over pressure valve\n· Emergency Level Switch\n· Vibrating Bin Discharge c/w motor\n· Side mount filter housing and reverse jet filter c/w fan motor\n· Pulsating sequential controller\n· Compressed air regulation station\n· Weather Cover for the Roof Instrumentation","sum",{"v":1,"d":"1.00"}]
["3.1.3.2",null,"Powder Polyelectrolyte Dosing Equipment (from Silo to Poly make up tanks)\n· Discharge Control valve\n· Dosing screw surge bin \n· Dosing screw and air eductor with drive motor at 180kg/hr\n· Jet fan blower with drive motor at 250m3/hr @ 35kPa\n· Associated High and low level protection instrumentation","sum",{"v":1,"d":"1.00"}]
["3.1.3.3",null,"Interconnecting piping, associated fittings and bolting ancillaries","sum",{"v":1,"d":"1.00"}]
[]
[]
[]
["TOTAL CARRIED FORWARD"]
["TOTAL BROUGHT FORWARD"]
[]
["3.1.3.4",null,"Polyelectrolyte Solution Make-up Tanks (Ref: JW14060-CI-010 & JW14060-ME-001)"]
["3.1.3.5",null,"Polyelectrolyte Transfer (positive displacement) Pumps ( 1 Duty/ 1 Standby) at 28.8m3/hr","No.",{"v":6,"d":"6.00"}]
["3.1.3.6",null,"Stirrer/Mixer with drive unit (motor, speed reducer, etc..)","No.",{"v":2,"d":"2.00"}]
["3.1.3.7",null,"Interconnecting piping, associated fittings and bolting ancillaries","sum",{"v":1,"d":"1.00"}]
["3.1.3.8",null,"Isolation Valves","No.",{"v":18,"d":"18.00"}]
["3.1.3.9",null,"Polyelectrolyte Discharge Control valves with actuators","No.",{"v":2,"d":"2.00"}]
["3.1.3.10",null,"Pressure relief valves for each valve discharge","No.",{"v":6,"d":"6.00"}]
["3.1.3.11",null,"Solenoids valve for wash water feed x2 per tank","No.",{"v":4,"d":"4.00"}]
["3.1.3.12",null,"Polyelectrolyte Manual Loading onto x2 Make-up tanks"]
["3.1.3.13",null,"Polyelectrolyte Hopper and structural support","No.",{"v":1,"d":"1.00"}]
["3.1.3.14",null,"Propeller or Screw Feeder with Drive unit","No.",{"v":1,"d":"1.00"}]
["3.1.3.15",null,"Jet filter c/w fan motor for powder dosing","No.",{"v":1,"d":"1.00"}]
["3.1.3.16",null,"Associated steelwork including discharge feed troughs or chutes and bolting ancillaries","sum",{"v":1,"d":"1.00"}]
[]
["3.1.3.17",null,"Wash Water Transfer Pumps with Associated equipment \nRefer drawing JW14060-CI-011 & JW14060-ME-032"]
["3.1.3.18",null,"Wash water transfer pumps (End-suction Centrifugal type) with drive units @ 540m³/hr at 15m","No.",{"v":2,"d":"2.00"}]
["3.1.3.19",null,"Wash water transfer by-pump (self-primming Centrifugal type) with drive units for the Unit 3 Chlorine contact chamber @ 540m³/hr at 15m","No.",{"v":1,"d":"1.00"}]
["3.1.3.20",null,"Wash water Isolation resilient seated non-rising valves DN300","No.",{"$f":"2*SUM(E103:E104)","v":{"v":6,"d":"6.00"}}]
["3.1.3.21",null,"Wash water  Non-return valve with flanges DN300","No.",{"$f":"SUM(E103:E104)","v":{"v":3,"d":"3.00"}}]
["3.1.3.22",null,"80NB Waste water air and vacuum valve","No.",{"$f":"SUM(E103:E104)+1","v":{"v":4,"d":"4.00"}}]
["3.1.3.23",null,"Pipework as per the schedule listed on drawing JW14060-ME-032 except those items listed between 3.1.2.19 to 3.1.2.25","sum",{"v":1,"d":"1.00"}]
["3.1.3.24",null,"Glycerine filled Pressure gauges with tell tale installed with each ancillaries as per detail in drawing JW14060-ME-032","No.",{"$f":"2*E103+2*E104","v":{"v":6,"d":"6.00"}}]
[]
["3.1.3.25",null,"Wash Water Distribution Pumps with Associated equipment (Ref: JW14060-ME-008, JW14060-ME-009 & JW14060-CI-011)"]
["3.1.3.26",null,"Wash water supply pumps at the Dewatering Building with drive units @ 250m³/hr at 85m","No.",{"v":4,"d":"4.00"}]
["3.1.3.27",null,"Wash water Isolation resilient seated non-rising valves DN300","No.",{"$f":"E112+2","v":{"v":6,"d":"6.00"}}]
["3.1.3.28",null,"Wash water Isolation resilient seated non-rising valves DN200","No.",{"v":3,"d":"3.00"}]
["3.1.3.29",null,"Wash water  Non-return Ball valve with flanges DN200","No.",{"v":3,"d":"3.00"}]
["3.1.3.30",null,"Wash water Isolation resilient seated non-rising valves DN150","No.",{"v":7,"d":"7.00"}]
["3.1.3.31",null,"Wash water Automatic backwash Strainer DN150","No.",{"v":2,"d":"2.00"}]
["3.1.3.32",null,"Wash water manual bypass Strainer DN150","No.",{"v":2,"d":"2.00"}]
["3.1.3.33",null,"Wash water control valves (pressure reducing and flow control)","No.",{"v":7,"d":"7.00"}]
["3.1.3.34",null,"80NB Waste water air and vacuum valve","No.",{"v":1,"d":"1.00"}]
["3.1.3.35",null,"Interconnecting piping, associated fittings and bolting ancillaries","sum",{"v":1,"d":"1.00"}]
["3.1.3.36",null,"Glycerine filled Pressure gauges with tell tale installed with each ancillaries as per detail 8 in drawing JW14060-ME-009","No.",{"$f":"2*E112","v":{"v":8,"d":"8.00"}}]
["TOTAL CARRIED FORWARD"]
["TOTAL BROUGHT FORWARD"]
[]
["3.1.3.37",null,"Sludge Supply Pumps and Associated equipment (Ref: JW14060-ME-010 & JW14060-CI-012)"]
["3.1.3.38",null,"Sludge transfer pump with drive motor @ 396m³/hr at 20m","No.",{"v":2,"d":"2.00"}]
["3.1.3.39",null,"Glycerine filled Pressure gauges with tell tale","No.",{"v":4,"d":"4.00"}]
["3.1.3.40",null,"Pipework for Tie-in Point for the Belt Press Set C","sum",{"v":1,"d":"1.00"}]
["3.1.3.41",null,"Pipework relating to modifications  mainline flowmeter bypass","sum",{"v":1,"d":"1.00"}]
["3.1.3.42",null,"Isolation Knife gate valves DN250","No.",{"v":3,"d":"3.00"}]
[]
["3.1.4",null,"MCC A, B, C and Solar system Battery room HVAC \nNB. Capacity of fans and aircon to be recalculated before procurement"]
["3.1.4.1","PSX 6.3","Fabricate, Supply, Deliver and Store (if required) on site with documentation"]
["3.1.4.2",null,"1.1kW 400V/50hz/3ph IP65 rated axial forced ventilation fan, with a capacity of 1.6m3/hr, wall mounted with a pocket filter and a 1.2mm THK 3CR12 expocy coated 500X500mm louvre and  cover/casing sheet with support ancillaries and complete with magnahelic gauge","No.",{"v":2,"d":"2.00"}]
["3.1.4.3",null,"1.1kW 400V/50hz/3ph IP65 rated axial forced ventilation fan, with a capacity of 1m3/hr, wall mounted with a pocket filter and a 1.2mm THK 3CR12 expocy coated 500X500mm louvre and  cover/casing sheet with support ancillaries and complete with magnahelic gauge","No.",{"v":2,"d":"2.00"}]
["3.1.4.4",null,"Split type Air-Conditioning Unit for the PLC and Control room with a capacity of 20000 Btu's/hr with associated ancillaries","No.",{"v":1,"d":"1.00"}]
[]
["3.1.4.1","PSX 6.4","Handle and Install"]
["3.1.4.2",null,"1.1kW 400V/50hz/3ph IP65 rated axial forced ventilation fan, with a capacity of 1.6m3/hr, wall mounted with a pocket filter and a 1.2mm THK 3CR12 expocy coated 500X500mm louvre and  cover/casing sheet with support ancillaries and complete with magnahelic gauge","No.",{"v":2,"d":"2.00"}]
["3.1.4.3",null,"1.1kW 400V/50hz/3ph IP65 rated axial forced ventilation fan, with a capacity of 1m3/hr, wall mounted with a pocket filter and a 1.2mm THK 3CR12 expocy coated 500X500mm louvre and  cover/casing sheet with support ancillaries and complete with magnahelic gauge","No.",{"v":2,"d":"2.00"}]
["3.1.4.4",null,"Split type Air-Conditioning Unit for the PLC and Control room with a capacity of 20000 Btu's/hr with associated ancillaries","No.",{"v":1,"d":"1.00"}]
[]
["TOTAL CARRIED FORWARD TO SCHEDULE 3.2"]

{"sheet":"3.2 -  Mech. Belt Presses ","index":8,"n_rows":157,"n_cols":13,"rows_kept":157,"merged":[[0,0,0,6],[1,0,2,0],[1,1,2,1],[1,2,2,2],[1,3,2,3],[1,4,2,4],[1,5,2,5],[1,6,2,6],[1,7,1,9],[1,10,1,12],[3,0,3,4],[31,0,31,2],[32,0,32,2],[59,0,59,2],[60,0,60,2],[97,0,97,2],[98,0,98,2],[145,0,145,2],[146,0,146,2],[156,0,156,5]]}
["SECTION 3.2 : MECHANICAL ENGINEERING - SUPPLY OF NEW and REFURBISHMENT OF BELT PRESS WITH ASSOCIATED EQUIPMENT"]
["ITEM\nNo.","PAYM.\nREFERS","DESCRIPTION","UNIT","QTY","RATE","   AMOUNT",{"$f":"'[2]3.1 - Mech Poly, Water & Sludge'!H2:J2","v":{"$error":"#REF!"}},null,null,{"$f":"'[2]3.1 - Mech Poly, Water & Sludge'!K2:M2","v":{"$error":"#REF!"}}]
[{"$nulls":7},"QTY","RATE","   AMOUNT","QTY","RATE","   AMOUNT"]
["TOTAL BROUGHT FORWARD FROM SCHEDULE 3.1"]
[]
[3.2,null,{"$f":"A1","v":"SECTION 3.2 : MECHANICAL ENGINEERING - SUPPLY OF NEW and REFURBISHMENT OF BELT PRESS WITH ASSOCIATED EQUIPMENT"}]
[null,null,"Ref Dwg: JW14060-ME-001 to 006 & JW14060-CI-001 to 012"]
["3.2.1","PSX 6.2","Decommission, Dismantle, handle (loading & offloading) and transport to an offsite storage facility"]
[null,null,"NB. Cost to include all required resources e.g. crane, manpower, tools, cleaning, etc.…"]
["3.2.1.1",null,"Removal of existing belt press ","No.",{"v":10,"d":"10.00"},null,null,{"v":10,"d":"10.00"},{"$f":"62692.172","v":{"v":62692.172,"d":"$62,692.17"}},{"$f":"H10*I10","v":{"v":626921.72,"d":"$626,921.72"}},{"v":6,"d":"6.00"},{"$f":"62692.172","v":{"v":62692.172,"d":"$62,692.17"}},{"$f":"K10*L10","v":{"v":376153.032,"d":"$376,153.03"}}]
["3.2.1.2",null,"Removal of conveyor belt equipment for replacement of the \nx4 4M9BP1C-4C belt presses","m",{"v":23,"d":"23.00"},null,null,{"$f":"61+23*2","v":{"v":107,"d":"107.00"}},{"$f":"250*1.1589","v":{"v":289.725,"d":"$289.73"}},{"v":31000.575,"d":"$31,000.58"},{"$f":"61+23*2","v":{"v":107,"d":"107.00"}},{"$f":"250*1.1589","v":{"v":289.725,"d":"$289.73"}},{"v":31000.575,"d":"$31,000.58"}]
["3.2.1.3",null,"Removal of redundant the Belt Press associated wash water, Polyelectrolyte & sludge pipework","Sum",{"v":1,"d":"1.00"},null,null,{"v":1,"d":"1.00"},{"$f":"1549.58*H10","v":{"v":15495.8,"d":"$15,495.80"}},{"v":15495.8,"d":"$15,495.80"},{"v":1,"d":"1.00"},{"$f":"1549.58*K10","v":{"v":9297.48,"d":"$9,297.48"}},{"v":9297.48,"d":"$9,297.48"}]
["3.2.1.4",null,"Polyelectrolyte dosing pumps","No.",{"$f":"4+7","v":{"v":11,"d":"11.00"}},null,null,{"$f":"4+7","v":{"v":11,"d":"11.00"}},{"$f":"1000*1.1589","v":{"v":1158.9,"d":"$1,158.90"}},{"v":12747.900000000001,"d":"$12,747.90"},{"$f":"4+7","v":{"v":11,"d":"11.00"}},{"$f":"1000*1.1589","v":{"v":1158.9,"d":"$1,158.90"}},{"v":12747.900000000001,"d":"$12,747.90"}]
["3.2.1.5",null,"Assets Disposal","ton/km",{"$f":"((9500*10*1.5)/(1000*36))*2","v":{"v":7.916666666666667,"d":"7.92"}},null,null,{"v":10,"d":"10.00"},{"v":11100,"d":"$11,100.00"},{"v":111000,"d":"$111,000.00"},{"v":10,"d":"10.00"},{"v":11100,"d":"$11,100.00"},{"v":111000,"d":"$111,000.00"}]
[{"$nulls":4},{"v":4,"d":"4.00"}]
["3.2.2","PSX 6.1 (d)","Engineering and Project Management"]
["3.2.2.1",null,"Coordination design drawings, project & quality management and selecting the appropriate belt press based on the specification provided.","Sum",{"v":1,"d":"1.00"},null,null,{"v":1,"d":"1.00"},{"$f":"248402.5*0.3","v":{"v":74520.75,"d":"R74,520.75"}},{"$f":"H17*I17","v":{"v":74520.75,"d":"R74,520.75"}},{"v":1,"d":"1.00"},{"$f":"248402.5*0.3","v":{"v":74520.75,"d":"R74,520.75"}},{"$f":"K17*L17","v":{"v":74520.75,"d":"R74,520.75"}}]
["3.2.2.2",null,"Sludge testing to identify and verify Site Sludge Loading, condition and Properties (The cost if for sludge testing before procurement but post contract award and during trail operation for performance guarantee)","Sum",{"v":1,"d":"1.00"},null,null,{"v":1,"d":"1.00"},{"$f":"248402.5*0.35","v":{"v":86940.875,"d":"R86,940.88"}},{"v":86940.875,"d":"R86,940.88"},{"v":1,"d":"1.00"},{"$f":"248402.5*0.35","v":{"v":86940.875,"d":"R86,940.88"}},{"v":86940.875,"d":"R86,940.88"}]
[]
["3.2.3","PSX 6.2","Fabricate, Supply, Deliver and Store (if required) on site with documentation"]
["3.2.3.1",null,"Dewatering Equipment"]
["3.2.3.2",null,"New Belt Press with 14 roller type including:\n· Pre-dewatering section\n· High pressure dewatering section\n· Drive units for operation\n· Set of Dewatering belts\n· Hydraulic Units\n· Emergency trip wires","No.",{"$f":"E10","v":{"v":10,"d":"10.00"}},null,null,{"v":6,"d":"6.00"},{"$f":"2967765*1.15","v":{"v":3412929.7499999995,"d":"R3,412,929.75"}},{"$f":"H22*I22","v":{"v":20477578.499999996,"d":"R20,477,578.50"}},{"$f":"K10","v":{"v":6,"d":"6.00"}},{"$f":"2967765*1.15","v":{"v":3412929.7499999995,"d":"R3,412,929.75"}},{"$f":"K22*L22","v":{"v":20477578.499999996,"d":"R20,477,578.50"}}]
["3.2.3.3",null,"Sludge and Polyelectrolyte Inline Mixing unit per belt","No.",{"$f":"1*E$22","v":{"v":10,"d":"10.00"}},null,null,{"$f":"1*H$22","v":{"v":6,"d":"6.00"}},{"$f":"56280*1.15","v":{"v":64721.99999999999,"d":"R64,722.00"}},{"v":388331.99999999994,"d":"R388,332.00"},{"$f":"1*K$22","v":{"v":6,"d":"6.00"}},{"$f":"56280*1.15","v":{"v":64721.99999999999,"d":"R64,722.00"}},{"v":388331.99999999994,"d":"R388,332.00"}]
["3.2.3.4",null,"Set of electrical actuators for automatic spray pipe","No.",{"v":10,"d":"10.00"},null,null,{"v":6,"d":"6.00"},{"$f":"141035*1.15","v":{"v":162190.25,"d":"R162,190.25"}},{"v":973141.5,"d":"R973,141.50"},{"v":6,"d":"6.00"},{"$f":"141035*1.15","v":{"v":162190.25,"d":"R162,190.25"}},{"v":973141.5,"d":"R973,141.50"}]
["3.2.3.5",null,"Centralized lubrication system","No.",{"v":10,"d":"10.00"},null,null,{"v":0,"d":"0.00"},{"$f":"177047.5*1.15","v":{"v":203604.62499999997,"d":"R203,604.63"}},0,{"v":0,"d":"0.00"},{"$f":"177047.5*1.15","v":{"v":203604.62499999997,"d":"R203,604.63"}},0]
["3.2.3.6",null,"Delivery: Packing, handling and freight to site for items 3.2.3.1 to 3.2.3.5","No.",{"$f":"1*E$22","v":{"v":10,"d":"10.00"}},null,null,{"v":6,"d":"6.00"},{"$f":"(3697227.5/10)*1.15","v":{"v":425181.1625,"d":"R425,181.16"}},{"v":2551086.9749999996,"d":"R2,551,086.98"},{"v":6,"d":"6.00"},{"$f":"(3697227.5/10)*1.15","v":{"v":425181.1625,"d":"R425,181.16"}},{"v":2551086.9749999996,"d":"R2,551,086.98"}]
[]
["3.2.3.7",null,"Auxiliary Equipment"]
["3.2.3.8",null,"Polyelectrolyte Storage/Holding Tank and Dosing (Ref: JW14060-ME-003 to 004 & JW14060-CI-006 to 010)"]
["3.2.3.9",null,"VSD controlled Polyelectrolyte Dosing (positive displacement) Pump including drive motor, units and VSD per Belt Press at 0-1.9 m3/hr","No.",{"$f":"2*E22","v":{"v":20,"d":"20.00"}}]
["3.2.3.10",null,"Stirrer/Mixer with drive unit (motor, speed reducer, etc..)","No.",{"v":2,"d":"2.00"}]
["TOTAL CARRIED FORWARD"]
["TOTAL BROUGHT FORWARD"]
[]
["3.2.3.11",null,"New 304L Stainless Steel 49m³ (Dia. 4600mm by 3200mm High) Polyelectrolyte Holding Tank (open tank)","No.",{"v":1,"d":"1.00"}]
["3.2.3.12",null,"Interconnecting galvanised Pipework and fittings from tanks to Belt Press","P. sum",{"v":1,"d":"1.00"},null,{"$f":"300000","v":{"v":300000,"d":"R300,000.00"}},{"v":1,"d":"1.00"},{"v":34221,"d":"R34,221.00"},{"$f":"H36*I36","v":{"v":34221,"d":"R34,221.00"}},{"v":1,"d":"1.00"},{"v":34221,"d":"R34,221.00"},{"$f":"K36*L36","v":{"v":34221,"d":"R34,221.00"}}]
["3.2.3.13",null,"Contractor's stated commission on 3.2.3.12 provisional sum","%"]
["3.2.3.14",null,"DN50 Isolation ball valves for the new holding tank on the downstream side","No.",{"v":3,"d":"3.00"},null,null,{"v":3,"d":"3.00"},{"v":950,"d":"R950.00"},{"v":2850,"d":"R2,850.00"},{"v":3,"d":"3.00"},{"v":950,"d":"R950.00"},{"v":2850,"d":"R2,850.00"}]
["3.2.3.15",null,"Dosing pump isolation ball valves, DN25 per Belt Press","No.",{"$f":"3*'[2]3.2 -  Mech. New Belt Press '!E$9*2","v":{"v":60,"d":"60.00"}},null,null,{"$f":"4*'[2]3.2 -  Mech. New Belt Press '!H$9","v":{"v":40,"d":"40.00"}},{"v":950,"d":"R950.00"},{"v":38000,"d":"R38,000.00"},{"$f":"4*'[2]3.2 -  Mech. New Belt Press '!K$9","v":{"v":24,"d":"24.00"}},{"v":950,"d":"R950.00"},{"v":22800,"d":"R22,800.00"}]
["3.2.3.16",null,"Dosing pump Non-return valve,DN25 per dosing pump for each Belt Press","No.",{"$f":"2*'[2]3.2 -  Mech. New Belt Press '!E$9","v":{"v":20,"d":"20.00"}},null,null,{"$f":"4*'[2]3.2 -  Mech. New Belt Press '!H$9","v":{"v":40,"d":"40.00"}},{"v":650,"d":"R650.00"},{"v":26000,"d":"R26,000.00"},{"$f":"4*'[2]3.2 -  Mech. New Belt Press '!K$9","v":{"v":24,"d":"24.00"}},{"v":650,"d":"R650.00"},{"v":15600,"d":"R15,600.00"}]
["3.2.3.17",null,"DN25 Dosing pump Pressure relief valve per dosing pump for each Belt Press","No.",{"$f":"2*'[2]3.2 -  Mech. New Belt Press '!E$9","v":{"v":20,"d":"20.00"}},null,null,{"$f":"4*'[2]3.2 -  Mech. New Belt Press '!H$9","v":{"v":40,"d":"40.00"}},{"v":650,"d":"R650.00"},{"v":26000,"d":"R26,000.00"},{"$f":"4*'[2]3.2 -  Mech. New Belt Press '!K$9","v":{"v":24,"d":"24.00"}},{"v":650,"d":"R650.00"},{"v":15600,"d":"R15,600.00"}]
["3.2.3.18",null,"Inline static mixer and dosing device unit as per JW14060-ME-006","No.",{"$f":"1*E22","v":{"v":10,"d":"10.00"}}]
[]
["3.2.3.19",null,"New Sludge Feed Line to the New Belt Presses (Ref: JW14060-ME-003 & JW14060-ME-004)"]
["3.2.3.20",null,"Manifold isolation gate valve DN200","No.",{"v":6,"d":"6.00"},null,null,{"v":2,"d":"2.00"},{"v":75600,"d":"R75,600.00"},{"$f":"H45*I45","v":{"v":151200,"d":"R151,200.00"}},{"v":2,"d":"2.00"},{"v":75600,"d":"R75,600.00"},{"$f":"K45*L45","v":{"v":151200,"d":"R151,200.00"}}]
["3.2.3.21",null,"Manifold sludge return control valve DN200","No.",{"v":2,"d":"2.00"},null,null,{"$f":"2*H$22","v":{"v":12,"d":"12.00"}},{"v":38084,"d":"R38,084.00"},{"v":457008,"d":"R457,008.00"},{"$f":"2*K$22","v":{"v":12,"d":"12.00"}},{"v":38084,"d":"R38,084.00"},{"v":457008,"d":"R457,008.00"}]
["3.2.3.22",null,"Dedicated Sludge feed Isolation valves per feed line to the Belt Press DN150","No.",{"v":20,"d":"20.00"},null,null,{"$f":"1*H$22","v":{"v":6,"d":"6.00"}},{"v":96272,"d":"R96,272.00"},{"v":577632,"d":"R577,632.00"},{"$f":"1*K$22","v":{"v":6,"d":"6.00"}},{"v":96272,"d":"R96,272.00"},{"v":577632,"d":"R577,632.00"}]
["3.2.3.23",null,"Dedicated Sludge feed control valve to Belt Press per belts DN150 with Actuator ","No.",{"v":10,"d":"10.00"},null,null,{"v":1,"d":"1.00"},{"v":176887,"d":"R176,887.00"},{"v":176887,"d":"R176,887.00"},{"v":1,"d":"1.00"},{"v":176887,"d":"R176,887.00"},{"v":176887,"d":"R176,887.00"}]
["3.2.3.24",null,"Sludge manifold,  interconnecting pipework and fittings","sum",{"v":1,"d":"1.00"}]
[]
["3.2.3.25",null,"New Wash Water Supply Line for the New Belts"]
["3.2.3.26",null,"DN50 Wash water feed isolation valves per belt press","No.",{"$f":"1*E$22","v":{"v":10,"d":"10.00"}},null,null,{"$f":"1*H$22","v":{"v":6,"d":"6.00"}},{"v":950,"d":"R950.00"},{"$f":"H52*I52","v":{"v":5700,"d":"R5,700.00"}},{"$f":"1*K$22","v":{"v":6,"d":"6.00"}},{"v":950,"d":"R950.00"},{"$f":"K52*L52","v":{"v":5700,"d":"R5,700.00"}}]
["3.2.3.27",null,"Interconnecting pipework","P. sum",{"v":1,"d":"1.00"},null,{"v":100000,"d":"R100,000.00"},{"v":1,"d":"1.00"},{"v":54725,"d":"R54,725.00"},{"v":54725,"d":"R54,725.00"},{"v":1,"d":"1.00"},{"v":54725,"d":"R54,725.00"},{"v":54725,"d":"R54,725.00"}]
["3.2.3.28",null,"Contractor's stated commission on the 3.2.3.27 provisional sum above","%"]
[]
["3.2.3.29",null,"Strip and Quote for refurbishment (and supply new where required and approved by the Employer's Agent)"]
["3.2.3.30",null,"Striping of conveyor equipment","Sum",{"v":1,"d":"1.00"}]
["3.2.3.31",null,"Conveyor belt ancillaries incl. drive unit, belt, idlers and associated steelwork ","P. sum",{"v":1,"d":"1.00"},null,{"v":150000,"d":"R150,000.00"},{"v":1,"d":"1.00"},{"$f":"(2187472/10)","v":{"v":218747.2,"d":"R218,747.20"}},{"$f":"H58*I58","v":{"v":218747.2,"d":"R218,747.20"}},{"v":1,"d":"1.00"},{"$f":"(2187472/10)","v":{"v":218747.2,"d":"R218,747.20"}},{"$f":"K58*L58","v":{"v":218747.2,"d":"R218,747.20"}}]
["3.2.3.32",null,"Contractor's stated commission on the 3.2.3.31 provisional sum above","%"]
["TOTAL CARRIED FORWARD"]
["TOTAL BROUGHT FORWARD"]
[]
["3.2.4","PSX 6.4","Handle and Install"]
[null,null,"NB: The cost shall include for retrieving all required units and its ancillaries from an on-site store if required and installing (using appropriate resources for installation) within the proposed location in the Belt Pres facility"]
["3.2.4.1",null,"New Dewatering Belt Press and associated equipment","No.",{"v":10,"d":"10.00"},null,null,{"$f":"SUM(H22,#REF!)","v":{"$error":"#REF!"}},{"$f":"AVERAGE(I22,#REF!)*5%","v":{"$error":"#REF!"}},{"$f":"H65*I65","v":{"$error":"#REF!"}},{"$f":"1*K$22","v":{"v":6,"d":"6.00"}},{"$f":"L22*5%","v":{"v":170646.4875,"d":"R170,646.49"}},{"$f":"K65*L65","v":{"v":1023878.9249999999,"d":"R1,023,878.93"}}]
["3.2.4.2",null,"Sludge and Polyelectrolyte Inline Mixing unit per belt","No.",{"$f":"1*E$22","v":{"v":10,"d":"10.00"}},null,null,{"$f":"SUM(H22,#REF!)","v":{"$error":"#REF!"}},{"$f":"980*1.15","v":{"v":1127,"d":"R1,127.00"}},{"$error":"#REF!"},{"v":6,"d":"6.00"},{"$f":"980*1.15","v":{"v":1127,"d":"R1,127.00"}},{"v":6762,"d":"R6,762.00"}]
["3.2.4.3",null,"Installation Supervision","Sum",{"v":1,"d":"1.00"},null,null,{"v":1,"d":"1.00"},{"$f":"90500*1.15*(H10/10)","v":{"v":104074.99999999999,"d":"R104,075.00"}},{"v":104074.99999999999,"d":"R104,075.00"},{"v":1,"d":"1.00"},{"$f":"90500*1.15*(K10/10)","v":{"v":62444.999999999985,"d":"R62,445.00"}},{"v":62444.999999999985,"d":"R62,445.00"}]
[]
["3.2.4.4",null,"Auxiliary Equipment"]
["3.2.4.5",null,"Polyelectrolyte Storage/Holding Tank and Dosing (Ref: JW14060-ME-003 to 004 & JW14060-CI-006 to 010)"]
["3.2.4.6",null,"VSD controlled Polyelectrolyte Dosing (positive displacement) Pump including drive motor, units and VSD per Belt Press at 0-1.9 m³/hr","No.",{"$f":"2*E22","v":{"v":20,"d":"20.00"}},null,null,{"$f":"2*H22","v":{"v":12,"d":"12.00"}},{"v":1207,"d":"R1,207.00"},{"$f":"H71*I71","v":{"v":14484,"d":"$14,484.00"}},{"$f":"2*K22","v":{"v":12,"d":"12.00"}},{"v":1207,"d":"R1,207.00"},{"$f":"K71*L71","v":{"v":14484,"d":"$14,484.00"}}]
["3.2.4.7",null,"Stirrer/Mixer with drive unit (motor, speed reducer, etc..)","No.",{"v":2,"d":"2.00"},null,null,{"v":2,"d":"2.00"},{"v":2542.1125,"d":"R2,542.11"},{"v":5084.225,"d":"$5,084.23"},{"v":2,"d":"2.00"},{"v":2542.1125,"d":"R2,542.11"},{"v":5084.225,"d":"$5,084.23"}]
["3.2.4.8",null,"New 304L Stainless Steel 50m³ (Dia. 5150mm by 2400mm High) Polyelectrolyte Holding Tank (open tank)","No.",{"v":1,"d":"1.00"},null,null,{"v":1,"d":"1.00"},{"$f":"3142.1125*1.1589","v":{"v":3641.3941762500003,"d":"R3,641.39"}},{"v":3641.3941762500003,"d":"$3,641.39"},{"v":1,"d":"1.00"},{"$f":"3142.1125*1.1589","v":{"v":3641.3941762500003,"d":"R3,641.39"}},{"v":3641.3941762500003,"d":"$3,641.39"}]
["3.2.4.9",null,"Interconnecting Pipework and fitting to the Belt Press","sum",{"v":1,"d":"1.00"},null,null,{"v":1,"d":"1.00"},{"v":25042.1125,"d":"R25,042.11"},{"v":25042.1125,"d":"$25,042.11"},{"v":1,"d":"1.00"},{"v":25042.1125,"d":"R25,042.11"},{"v":25042.1125,"d":"$25,042.11"}]
["3.2.4.10",null,"Isolation valves for the new holding tank on the downstream side","No.",{"v":3,"d":"3.00"},null,null,{"v":3,"d":"3.00"},{"v":2542.1125,"d":"R2,542.11"},{"v":7626.337500000001,"d":"$7,626.34"},{"v":3,"d":"3.00"},{"v":2542.1125,"d":"R2,542.11"},{"v":7626.337500000001,"d":"$7,626.34"}]
["3.2.4.11",null,"Polyelectrolyte dosing pump flowmeter/flow switch indicator","No.",{"$f":"1*'[2]3.2 -  Mech. New Belt Press '!E$9","v":{"v":10,"d":"10.00"}},null,null,{"$f":"1*'[2]3.2 -  Mech. New Belt Press '!H$9","v":{"v":10,"d":"10.00"}},{"$f":"150*1.1589","v":{"v":173.835,"d":"R 173.84"}},{"v":1738.3500000000001,"d":"$1,738.35"},{"$f":"1*'[2]3.2 -  Mech. New Belt Press '!K$9","v":{"v":6,"d":"6.00"}},{"$f":"150*1.1589","v":{"v":173.835,"d":"R 173.84"}},{"v":1043.01,"d":"$1,043.01"}]
["3.2.4.12",null,"Dosing pump Electric Controlled valves per Belt Press","No.",{"$f":"4*'[2]3.2 -  Mech. New Belt Press '!E$9","v":{"v":40,"d":"40.00"}},null,null,{"$f":"4*'[2]3.2 -  Mech. New Belt Press '!H$9","v":{"v":40,"d":"40.00"}},{"$f":"250*1.1589","v":{"v":289.725,"d":"R 289.73"}},{"v":11589,"d":"$11,589.00"},{"$f":"4*'[2]3.2 -  Mech. New Belt Press '!K$9","v":{"v":24,"d":"24.00"}},{"$f":"250*1.1589","v":{"v":289.725,"d":"R 289.73"}},{"v":6953.400000000001,"d":"$6,953.40"}]
["3.2.4.13",null,"Dosing pump Non-return valve per dosing pump for each Belt Press","No.",{"$f":"4*'[2]3.2 -  Mech. New Belt Press '!E$9","v":{"v":40,"d":"40.00"}},null,null,{"$f":"4*'[2]3.2 -  Mech. New Belt Press '!H$9","v":{"v":40,"d":"40.00"}},{"v":289.725,"d":"R 289.73"},{"v":11589,"d":"$11,589.00"},{"$f":"4*'[2]3.2 -  Mech. New Belt Press '!K$9","v":{"v":24,"d":"24.00"}},{"v":289.725,"d":"R 289.73"},{"v":6953.400000000001,"d":"$6,953.40"}]
["3.2.4.14",null,"Dosing pump Pressure relief valve per dosing pump for each Belt Press","No.",{"$f":"4*'[2]3.2 -  Mech. New Belt Press '!E$9","v":{"v":40,"d":"40.00"}},null,null,{"$f":"4*'[2]3.2 -  Mech. New Belt Press '!H$9","v":{"v":40,"d":"40.00"}},{"v":289.725,"d":"R 289.73"},{"v":11589,"d":"$11,589.00"},{"$f":"4*'[2]3.2 -  Mech. New Belt Press '!K$9","v":{"v":24,"d":"24.00"}},{"v":289.725,"d":"R 289.73"},{"v":6953.400000000001,"d":"$6,953.40"}]
[]
["3.2.4.15",null,"New Sludge Feed Line to the New Belt Presses (Ref: JW14060-ME-003 & JW14060-ME-004)"]
["3.2.4.16",null,"Manifold isolation gate valve DN200","No.",{"v":6,"d":"6.00"},null,null,{"v":4,"d":"4.00"},{"$f":"250*1.1589","v":{"v":289.725,"d":"R 289.73"}},{"$f":"H82*I82","v":{"v":1158.9,"d":"R1,158.90"}},{"v":4,"d":"4.00"},{"$f":"250*1.1589","v":{"v":289.725,"d":"R 289.73"}},{"$f":"K82*L82","v":{"v":1158.9,"d":"R1,158.90"}}]
["3.2.4.17",null,"Manifold sludge return control valve DN200","No.",{"v":2,"d":"2.00"},null,null,{"v":20,"d":"20.00"},{"v":289.725,"d":"R 289.73"},{"v":5794.5,"d":"R5,794.50"},{"v":20,"d":"20.00"},{"v":289.725,"d":"R 289.73"},{"v":5794.5,"d":"R5,794.50"}]
["3.2.4.18",null,"Dedicated Sludge feed Isolation valves per feed line to the Belt Press DN150","No.",{"v":20,"d":"20.00"},null,null,{"v":10,"d":"10.00"},{"v":289.725,"d":"R 289.73"},{"v":2897.25,"d":"R2,897.25"},{"v":10,"d":"10.00"},{"v":289.725,"d":"R 289.73"},{"v":2897.25,"d":"R2,897.25"}]
["3.2.4.19",null,"Dedicated Sludge feed control valve to Belt Press per belts DN150 with Actuator ","No.",{"v":10,"d":"10.00"},null,null,{"v":10,"d":"10.00"},{"v":289.725,"d":"R 289.73"},{"v":2897.25,"d":"R2,897.25"},{"v":10,"d":"10.00"},{"v":289.725,"d":"R 289.73"},{"v":2897.25,"d":"R2,897.25"}]
["3.2.4.20",null,"Sludge manifold,  interconnecting pipework and fittings","sum",{"v":1,"d":"1.00"},null,null,{"v":1,"d":"1.00"},{"$f":"25000*1.1589","v":{"v":28972.5,"d":"R 28,972.50"}},{"v":28972.5,"d":"R28,972.50"},{"v":1,"d":"1.00"},{"$f":"25000*1.1589","v":{"v":28972.5,"d":"R 28,972.50"}},{"v":28972.5,"d":"R28,972.50"}]
[]
["3.2.4.21",null,"New Wash Water Supply Line for the New Belts"]
["3.2.4.22",null,"Wash water feed isolation valves per belt press","No.",{"v":10,"d":"10.00"},null,null,{"v":10,"d":"10.00"},{"$f":"25000*1.1589","v":{"v":28972.5,"d":"R 28,972.50"}},{"$f":"H89*I89","v":{"v":289725,"d":"R289,725.00"}},{"v":10,"d":"10.00"},{"v":28972.5,"d":"R 28,972.50"},{"$f":"K89*L89","v":{"v":289725,"d":"R289,725.00"}}]
["3.2.4.23",null,"Interconnecting pipework and fittings","sum",{"v":1,"d":"1.00"},null,null,{"v":1,"d":"1.00"},{"v":28972.5,"d":"R 28,972.50"},{"v":28972.5,"d":"R28,972.50"},{"v":1,"d":"1.00"},{"v":28972.5,"d":"R 28,972.50"},{"v":28972.5,"d":"R28,972.50"}]
[]
["3.2.4.24",null,"Conveyor Belt"]
[null,null,"Conveyor belt ancillaries incl. drive unit, belt, idlers and associated steelwork ",{"$nulls":4},{"v":1,"d":"1.00"},{"$f":"(2187472/155)","v":{"v":14112.72258064516,"d":"R14,112.72"}},{"$f":"H93*I93","v":{"v":14112.72258064516,"d":"R14,112.72"}},{"v":1,"d":"1.00"},{"$f":"(2187472/155)","v":{"v":14112.72258064516,"d":"R14,112.72"}},{"$f":"K93*L93","v":{"v":14112.72258064516,"d":"R14,112.72"}}]
["3.2.4.25","PSX 6.4","Refurbishment of the conveyor belt associated ancillaries associated with the Set A Belt Presses that is approximately 35m.","sum",{"v":1,"d":"1.00"}]
["3.2.4.26","PSX 6.4","Refurbishment of the conveyor belt ancillaries associated with the Set B Belt Presses that is approximately 46m.","sum",{"v":1,"d":"1.00"}]
["3.2.4.27",null,"Design, fabrication, and installation of a NEW conveyor belt associated with Set C belt press with an approximate length of 20m.","sum",{"v":1,"d":"1.00"}]
[]
["TOTAL CARRIED FORWARD"]
["TOTAL BROUGHT FORWARD"]
[]
["3.2.5","PSX 6.3 & 6.4","Maintanance spares for the Existing x4 Belt Press (set B)"]
["3.2.5.1",null,"Strip and Quote for refurbishment (and supply new where required and approved by the Employer's Agent or Representative)","sum",{"v":1,"d":"1.00"}]
["3.2.5.2",null,"General Items"]
["3.2.5.3",null,"Top filter Belt - 24760 x 2000 mm","No.",{"v":1,"d":"1.00"}]
["3.2.5.4",null,"bottom filter belt - 19560 x 2000 mm","No.",{"v":1,"d":"1.00"}]
["3.2.5.5",null,"S20 Unison 620 Scrapper blade","No.",{"v":4,"d":"4.00"}]
["3.2.5.6",null,"SDU Brush seal SCW90 (1m lengths)","No.",{"v":24,"d":"24.00"}]
["3.2.5.7",null,"U620 UHMWPE Bottom tray grid wear strips","No.",{"v":0,"d":"0.00"}]
["3.2.5.8",null,"U620 UHMWPE Top tray grid wear strips","No.",{"v":0,"d":"0.00"}]
["3.2.5.9",null,"UHMWPE sludge plough blocks complete assembly","No.",{"v":0,"d":"0.00"}]
[]
["3.2.5.10",null,"Belt Tracking system"]
["3.2.5.11",null,"Belt limit switch","No.",{"$f":"12*E$15","v":{"v":48,"d":"48.00"}}]
["3.2.5.12",null,"slew shaft and nut assembly","No.",{"$f":"2*E$15","v":{"v":8,"d":"8.00"}}]
["3.2.5.13",null,"Belt broken sensor","No.",{"$f":"2*E$15","v":{"v":8,"d":"8.00"}}]
["3.2.5.14",null,"Limit switch paddles","No.",{"$f":"4*E$15","v":{"v":16,"d":"16.00"}}]
["3.2.5.15",null,"slew actuator drive SK ONF 71 l/4 0.37kW @ 179rpm","No.",{"$f":"2*E$15","v":{"v":8,"d":"8.00"}}]
[]
["3.2.5.16",null,"Belt Wash system on the Belt Assembly"]
["3.2.5.17",null,"spay bar nozzle ","No.",{"$f":"44*2","v":{"v":88,"d":"88.00"}}]
["3.2.5.18",null,"spray bar gasket","No.",{"v":88,"d":"88.00"}]
["3.2.5.19",null,"wash pressure gauge","No.",{"$f":"2*E$15","v":{"v":8,"d":"8.00"}}]
["3.2.5.20",null,"wash box Brush seal SCW90  (1m lengths)","No.",{"$f":"8*E$15","v":{"v":32,"d":"32.00"}}]
[]
["3.2.5.21",null,"Roller Bearings"]
["3.2.5.22",null,"Drive roller (DS) bearing kit","No.",{"$f":"2*E$15","v":{"v":8,"d":"8.00"}}]
["3.2.5.23",null,"Drive roller (DNS) bearing kit","No.",{"$f":"2*E$15","v":{"v":8,"d":"8.00"}}]
["3.2.5.24",null,"Press & Wedge roller bearing kit","No.",{"$f":"16*E$15","v":{"v":64,"d":"64.00"}}]
["3.2.5.25",null,"Guide roller bearing kit","No.",{"$f":"10*E$15","v":{"v":40,"d":"40.00"}}]
["3.2.5.26",null,"Hydraulic tension rollers bearing kit","No.",{"$f":"4*E$15","v":{"v":16,"d":"16.00"}}]
["3.2.5.27",null,"Slew rollers (fixed) bearing kit","No.",{"v":8,"d":"8.00"}]
["3.2.5.28",null,"lew rollers (slew) bearing kit","No.",{"v":8,"d":"8.00"}]
["3.2.5.29",null,"Tension arm (needle)","No.",{"$f":"4*E$15","v":{"v":16,"d":"16.00"}}]
[]
["3.2.5.30",null,"Rollers"]
["3.2.5.31",null,"Drive 12inch Sche 10","No.",{"v":2,"d":"2.00"}]
["3.2.5.32",null,"Press 12inch Sch 10","No.",{"v":2,"d":"2.00"}]
["3.2.5.33",null,"Press 458 x 4mm","No.",{"v":2,"d":"2.00"}]
["3.2.5.34",null,"Drive 608 x 4mm","No.",{"v":2,"d":"2.00"}]
["3.2.5.35",null,"Wedge 758 x 4mm","No.",{"v":2,"d":"2.00"}]
["3.2.5.36",null,"Drive 12inch Sche 10","No.",{"v":2,"d":"2.00"}]
["3.2.5.37",null,"Tension 12inch Sche 10","No.",{"v":4,"d":"4.00"}]
["3.2.5.38",null,"Guide 12inch Sche 10","No.",{"v":4,"d":"4.00"}]
["3.2.5.39",null,"Guide 8inch Sche 10","No.",{"v":2,"d":"2.00"}]
["3.2.5.40",null,"Slew 8inch Sche 10","No.",{"v":4,"d":"4.00"}]
["TOTAL CARRIED FORWARD"]
["TOTAL BROUGHT FORWARD"]
[]
["3.2.5.41",null,"PLC"]
["3.2.5.42",null,"Provisional Sum for PLC upgrade and standardisation","P. sum",{"v":1,"d":"1.00"},null,{"v":500000,"d":"R500,000.00"}]
["3.2.5.43",null,"Contractor's stated commission on the 3.2.5.43 provisional sum above","%"]
[]
["3.2.6","PSX 6.4","Handle and Install"]
[null,null,"NB: The cost shall include for retrieving all required units and its ancillaries from an on-site store if required and installing (using appropriate resources for installation) within the proposed location in the Belt Pres facility"]
["3.2.6.1",null,"Maintenance spares for the existing Dewatering Belt Press per belt press","sum",{"v":4,"d":"4.00"},null,"Price Only"]
["3.2.6.2",null,"Installation Supervision","Sum",{"v":1,"d":"1.00"},null,"Price Only"]
["TOTAL FOR SCHEDULE 3 CARRIED FORWARD TO SUMMARY"]

{"sheet":"4 -  Electrical Dewatering Gen","index":9,"n_rows":327,"n_cols":7,"rows_kept":327,"merged":[[0,0,0,6],[47,0,47,2],[48,0,48,2],[93,0,93,2],[94,0,94,2],[139,0,139,2],[140,0,140,2],[185,0,185,2],[186,0,186,2],[233,0,233,2],[234,0,234,2],[280,0,280,2],[281,0,281,2],[326,0,326,5]]}
[" SECTION 4:  ELECTRICAL ENGINEERING REQUIREMENTS"]
["ITEM\nNo.","PAYM.\nREFERS","DESCRIPTION","UNIT","QTY","RATE","   AMOUNT"]
[4,null,"SECTION 4:  ELECTRICAL ENGINEERING REQUIREMENTS"]
[]
[4.1,"PSY20.1","\nPART 1: PROCUREMENT AND DELIVERY"]
[]
["4.1.1","PSY20.15","Dismantle and removal of old MCCs and electrical field installations","P. sum",{"v":1,"d":"1.00"},null,{"v":240000,"d":"R240,000.00"}]
["4.1.2",null,"Contractor's stated commission on the 3.2.5.43 provisional sum above","%"]
["4.1.3","PSY20.9","Motor Control Centres (MCC) and switchboards"]
["4.1.3.1",null,"MCC2 - 4 new Belt Press","No",1]
["4.1.3.2",null,"MCC3 - 6 New Belt Press","No",1]
["4.1.3.3",null,"Dewatering Substation Main LV switchboard","No",1]
["4.1.3.4",null,"Busbar to Main LV switchboard","Sum",{"v":1,"d":"1.00"}]
["4.1.3.5",null,"Replace Washwater transfer Pump Starter cubicle","Sum",{"v":2,"d":"2.00"}]
["4.1.3.6",null,"New Washwater transfer by-pass pump starter cubicle","Sum",{"v":1,"d":"1.00"}]
[]
["4.1.4","PSY20.9","Distribution boards"]
["4.1.4.1",null,"Area 1 Small Power DB","No",{"v":1,"d":"1.00"}]
["4.1.4.2",null,"Area 2 Small Power DB","No",{"v":1,"d":"1.00"}]
["4.1.4.3",null,"Area 3 Small Power DB","No",{"v":1,"d":"1.00"}]
["4.1.4.4",null,"PLC DB","No",{"v":12,"d":"12.00"}]
["4.1.4.5",null,"Lighting DB","No",{"v":1,"d":"1.00"}]
["4.1.4.6",null,"Instrumentation DB","No",{"v":1,"d":"1.00"}]
[]
["4.1.5",null,"Instrument Power Supply "]
["4.1.5.1","PSY20.13","3kVA UPS","No",{"v":14,"d":"14.00"}]
["4.1.5.2",null,"24V DC power supply","No",{"v":12,"d":"12.00"}]
[]
["4.1.6",null,"400V Drives"]
["4.1.6.1",null,"110kW Soft Starter for Wash Water Pumps","No",{"v":4,"d":"4.00"}]
[]
["4.1.7","PSY20.16","Solar Photovoltaic (PV) Installation"]
["4.1.7.1",null,"Engineering","Sum",{"v":1,"d":"1.00"}]
["4.1.7.2",null,"Solar panels","Sum",{"v":1,"d":"1.00"}]
["4.1.7.3",null,"Electrical equipment and cabling","Sum",{"v":1,"d":"1.00"}]
["4.1.7.4",null,"Batteries","Sum",{"v":1,"d":"1.00"}]
[]
["4.1.8","PSY20.4","600/1000 V, Cu/PVC/SWA/PVC cables"]
["4.1.8.1",null,"4 core, 185 mm²","m",{"v":450,"d":"450.00"}]
["4.1.8.2",null,"4 core, 120 mm²","m",{"v":100,"d":"100.00"}]
["4.1.8.3",null,"4 core, 16 mm²","m",{"v":150,"d":"150.00"}]
["4.1.8.4",null,"4 core, 10 mm²","m",{"v":200,"d":"200.00"}]
["4.1.8.5",null,"4 core, 4 mm²","m",{"v":6050,"d":"6050.00"}]
["4.1.8.6",null,"4 core, 1.5 mm²","m",{"v":1250,"d":"1250.00"}]
["4.1.8.7",null,"3 core, 6 mm²","m",{"v":620,"d":"620.00"}]
["4.1.8.8",null,"3 core, 4 mm²","m",{"v":600,"d":"600.00"}]
["4.1.8.9",null,"3 core, 1.5 mm²","m",{"v":600,"d":"600.00"}]
["TOTAL CARRIED FORWARD"]
["TOTAL BROUGHT FORWARD"]
[]
["4.1.9","PSY20.5","600/1000 V, Cu/PVC/SWA/PVC cable terminations"]
["4.1.9.1",null,"4 core, 185 mm²","No",{"v":6,"d":"6.00"}]
["4.1.9.2",null,"4 core, 120 mm²","No",{"v":4,"d":"4.00"}]
["4.1.9.3",null,"4 core, 16 mm²","No",{"v":6,"d":"6.00"}]
["4.1.9.4",null,"4 core, 10 mm²","No",{"v":8,"d":"8.00"}]
["4.1.9.5",null,"4 core, 4 mm²","No",{"v":240,"d":"240.00"}]
["4.1.9.6",null,"4 core, 1.5 mm²","No",{"v":50,"d":"50.00"}]
["4.1.9.7",null,"3 core, 6 mm²","No",{"v":44,"d":"44.00"}]
["4.1.9.8",null,"3 core, 4 mm²","No",{"v":24,"d":"24.00"}]
["4.1.9.9",null,"3 core, 1.5 mm²","No",{"v":24,"d":"24.00"}]
[]
["4.1.10","PSY20.4","Bare copper earth wire"]
["4.1.10.1",null,"70 mm²","m",{"v":450,"d":"450.00"}]
["4.1.10.2",null,"16 mm²","m",{"v":150,"d":"150.00"}]
["4.1.10.3",null,"10 mm²","m",{"v":200,"d":"200.00"}]
["4.1.10.4",null,"4 mm²","m",{"v":1600,"d":"1600.00"}]
[]
["4.1.11","PSY20.5","Bare copper earth wire terminations"]
["4.1.11.1",null,"70 mm²","No",{"v":6,"d":"6.00"}]
["4.1.11.2",null,"16 mm²","No",{"v":6,"d":"6.00"}]
["4.1.11.3",null,"10 mm²","No",{"v":8,"d":"8.00"}]
["4.1.11.4",null,"4 mm²","No",{"v":64,"d":"64.00"}]
[]
["4.1.12","PSY20.10","Cable Trenches"]
["4.1.12.1",null,"800 mm deep x 800 mm wide trench in soft material","m",{"v":500,"d":"500.00"}]
["4.1.12.2",null,"800 mm deep x 800 mm wide trench in hard material","m",{"v":20,"d":"20.00"}]
["4.1.12.3",null,"Pre-cast concrete cable route markers","No",{"v":10,"d":"10.00"}]
["4.1.12.4",null,"Protective tiles","m",{"v":500,"d":"500.00"}]
[]
["4.1.13","PSY20.4","Lighting circuit wiring in conduit"]
["4.1.13.1",null,"DB01 - DB03","Sum ",{"v":3,"d":"3.00"}]
[]
["4.1.14","PSY20.4","Power circuit wiring in conduit"]
["4.1.14.1",null,"DB01 - DB03","Sum ",{"v":3,"d":"3.00"}]
[]
["4.1.15","PSY20.8","Light switches"]
["4.1.15.1",null,"Type S1 - IP65, 1way","No ",{"v":10,"d":"10.00"}]
["4.1.15.2",null,"Type S2 - IP65, 2way","No ",{"v":5,"d":"5.00"}]
["4.1.15.3",null,"Type S3 - Indoor, 1way","No ",{"v":6,"d":"6.00"}]
["4.1.15.4",null,"Photocell","No ",{"v":3,"d":"3.00"}]
[]
[]
[]
["TOTAL CARRIED FORWARD"]
["TOTAL BROUGHT FORWARD"]
["4.1.16","PSY20.8","Luminaires"]
["4.1.16.1",null,"Type F01 - Beka VLN LED 30N","No ",{"v":30,"d":"30.00"}]
["4.1.16.2",null,"Type B01 - Beka LEDnova-mi16/37N5068A1Gp (pole mounted)","No ",{"v":57,"d":"57.00"}]
["4.1.16.3",null,"Type B01 - Beka LEDnova-mi16/37N5068A1Gmv","No ",{"v":40,"d":"40.00"}]
["4.1.16.4",null,"Type B01 - Beka LEDnova-mi16/37N5068A1Gsh","No ",{"v":10,"d":"10.00"}]
["4.1.16.5",null,"4m mounting pole","No ",{"v":57,"d":"57.00"}]
[]
["4.1.17","PSY20.8","Switch socket outlets and isolators"]
["4.1.17.1",null,"Type P1 - single phase - IP65","No ",{"v":12,"d":"12.00"}]
["4.1.17.2",null,"Type P2 - three phase - IP65","No ",{"v":4,"d":"4.00"}]
["4.1.17.3",null,"Type P3 - single phase - Indoor","No ",{"v":6,"d":"6.00"}]
["4.1.17.4",null,"Type P4 - single phase red essential indoor","No ",{"v":6,"d":"6.00"}]
["4.1.17.5",null,"Type I1 isolators - three phase, IP65, wall mounted","No ",{"v":32,"d":"32.00"}]
["4.1.17.6",null,"Type I2 isolators - single phase, indoor, wall mounted","No ",{"v":5,"d":"5.00"}]
[]
["4.1.18","PSY20.14","E/Stop and LCS on 1.2 pedestal"]
["4.1.18.1",null,"Emergency stop pushbuttons","No ",{"v":20,"d":"20.00"}]
["4.1.18.2",null,"Local control stations (start/stop)","No ",{"v":32,"d":"32.00"}]
["4.1.18.3",null,"Belt Press Local control stations ","No ",{"v":10,"d":"10.00"}]
["4.1.18.4",null,"Conveyor local isolator and control stations (start/stop)","No ",{"v":4,"d":"4.00"}]
["4.1.18.5",null,"Actuator valve local isolator","No ",{"v":32,"d":"32.00"}]
["4.1.18.6",null,"Actuator valve local control station","No ",{"v":32,"d":"32.00"}]
[]
["4.1.19","PSY20.12","Earthing and lightning protection"]
["4.1.19.1",null,"500 mm deep x 300 mm wide trench in soft material","m",{"v":200,"d":"200.00"}]
["4.1.19.2",null,"500 mm deep x 300 mm wide trench in hard material","m",{"v":20,"d":"20.00"}]
["4.1.19.3",null,"70 mm2 Green PVC Insulated Cu conductor","m",{"v":10,"d":"10.00"}]
["4.1.19.4",null,"Copper earth bars complete with stand-off insulators","No ",{"v":3,"d":"3.00"}]
["4.1.19.5",null,"1.5 m b1 Metallic Earth rods,  incl. couplings and accessories","No ",{"v":20,"d":"20.00"}]
["4.1.19.6",null,"Earth well test point complete with concrete inspection  lid","No ",{"v":20,"d":"20.00"}]
["4.1.19.7",null,"Exothermic weld","No ",{"v":60,"d":"60.00"}]
["4.1.19.8",null,"Down conductor from steel roof","No ",{"v":10,"d":"10.00"}]
[]
["4.1.20","PSY20.6","Heavy duty cable ladder - straight section"]
["4.1.20.1",null,"600 mm wide","m",{"v":385,"d":"385.00"}]
["4.1.20.2",null,"300 mm wide","m",{"v":110,"d":"110.00"}]
["4.1.20.3",null,"150 mm wide","m",{"v":100,"d":"100.00"}]
[]
["4.1.21","PSY20.6","Heavy duty cable ladder - 90 degree flat bend"]
["4.1.21.1",null,"600 mm wide","No",{"v":7,"d":"7.00"}]
["4.1.21.2",null,"300 mm wide","No",{"v":7,"d":"7.00"}]
["4.1.21.3",null,"150 mm wide","No",{"v":10,"d":"10.00"}]
[]
[]
["TOTAL CARRIED FORWARD"]
["TOTAL BROUGHT FORWARD"]
[]
["4.1.22","PSY20.6","Heavy duty cable ladder - internal/external 90 degree bend"]
["4.1.22.1",null,"600 mm wide","No",{"v":9,"d":"9.00"}]
["4.1.22.2",null,"300 mm wide","No",{"v":2,"d":"2.00"}]
["4.1.22.3",null,"150 mm wide","No",{"v":10,"d":"10.00"}]
[]
["4.1.23","PSY20.6","Heavy duty cable ladder - T-piece"]
["4.1.23.1",null,"600 mm wide","No",{"v":7,"d":"7.00"}]
["4.1.23.2",null,"300 mm wide","No",{"v":2,"d":"2.00"}]
["4.1.23.3",null,"150 mm wide","No",{"v":10,"d":"10.00"}]
[]
["4.1.24","PSY20.9","Conduit and support steel"]
["4.1.24.1",null,"20 mm diameter steel conduit","m",{"v":600,"d":"600.00"}]
["4.1.24.2",null,"25 mm diameter steel conduit","m",{"v":200,"d":"200.00"}]
["4.1.24.3",null,"50 mm diameter steel conduit","m",{"v":50,"d":"50.00"}]
["4.1.24.4",null,"Unistrut","m",{"v":50,"d":"50.00"}]
["4.1.24.5",null,"Angle iron","m",{"v":50,"d":"50.00"}]
[]
["4.1.25",null,"Miscellaneous"]
["4.1.25.1",null,"Safety equipment and notice boards","Sum",{"v":4,"d":"4.00"}]
[]
[4.2,"PSY20.2","\nPART 2: INSTALLATION"]
["4.2.1",null,"Dismantle and removal of old MCCs and electrical field installations"]
["4.2.2","PSY20.9","Motor Control Centres and switchboards"]
["4.2.2.1",null,"MCC2 - 4 new Belt Press","No",1]
["4.2.2.2",null,"MCC3 - 6 New Belt Press","No",1]
["4.2.2.3",null,"Dewatering Substation Main LV switchboard","No",1]
["4.2.2.4",null,"Busbar to Main LV switchboard","Sum",{"v":1,"d":"1.00"}]
["4.2.2.5",null,"New Washwater transfer by-pass pump starter cubicle","Sum",{"v":1,"d":"1.00"}]
[]
["4.2.3","PSY20.9","Distribution boards"]
["4.2.3.1",null,"Area 1 Small Power DB","No",{"v":1,"d":"1.00"}]
["4.2.3.2",null,"Area 2 Small Power DB","No",{"v":1,"d":"1.00"}]
["4.2.3.3",null,"Area 3 Small Power DB","No",{"v":1,"d":"1.00"}]
["4.2.3.4",null,"PLC DB","No",{"v":12,"d":"12.00"}]
["4.2.3.5",null,"Lighting DB","No",{"v":1,"d":"1.00"}]
["4.2.3.6",null,"Instrumentation DB","No",{"v":1,"d":"1.00"}]
[]
["4.2.4","PSY20.13","Instrument Power Supply "]
["4.2.4.1",null,"3kVA UPS","No",{"v":14,"d":"14.00"}]
["4.2.4.2",null,"24V DC power supply","No",{"v":12,"d":"12.00"}]
[]
["4.2.5",null,"400V Drives"]
["4.2.5.1",null,"110kW Soft Starter for Wash Water Pumps","No",{"v":4,"d":"4.00"}]
["TOTAL CARRIED FORWARD"]
["TOTAL BROUGHT FORWARD"]
[]
["4.2.6","PSY20.16","Solar Photovoltaic (PV) Installation"]
["4.2.6.1",null,"Labour","Sum",{"v":1,"d":"1.00"}]
[]
["4.2.7","PSY20.4","600/1000 V, Cu/PVC/SWA/PVC cables"]
["4.2.7.1",null,"4 core, 185 mm²","m",{"v":450,"d":"450.00"}]
["4.2.7.2",null,"4 core, 120 mm²","m",{"v":100,"d":"100.00"}]
["4.2.7.3",null,"4 core, 16 mm²","m",{"v":150,"d":"150.00"}]
["4.2.7.4",null,"4 core, 10 mm²","m",{"v":200,"d":"200.00"}]
["4.2.7.5",null,"4 core, 4 mm²","m",{"v":6050,"d":"6050.00"}]
["4.2.7.6",null,"4 core, 1.5 mm²","m",{"v":1250,"d":"1250.00"}]
["4.2.7.7",null,"3 core, 6 mm²","m",{"v":620,"d":"620.00"}]
["4.2.7.8",null,"3 core, 4 mm²","m",{"v":600,"d":"600.00"}]
["4.2.7.9",null,"3 core, 1.5 mm²","m",{"v":600,"d":"600.00"}]
[]
["4.2.8","PSY20.5","600/1000 V, Cu/PVC/SWA/PVC cable terminations"]
["4.2.8.1",null,"4 core, 185 mm²","No",{"v":6,"d":"6.00"}]
["4.2.8.2",null,"4 core, 120 mm²","No",{"v":4,"d":"4.00"}]
["4.2.8.3",null,"4 core, 16 mm²","No",{"v":6,"d":"6.00"}]
["4.2.8.4",null,"4 core, 10 mm²","No",{"v":8,"d":"8.00"}]
["4.2.8.5",null,"4 core, 4 mm²","No",{"v":240,"d":"240.00"}]
["4.2.8.6",null,"4 core, 1.5 mm²","No",{"v":50,"d":"50.00"}]
["4.2.8.7",null,"3 core, 6 mm²","No",{"v":44,"d":"44.00"}]
["4.2.8.8",null,"3 core, 4 mm²","No",{"v":24,"d":"24.00"}]
["4.2.8.9",null,"3 core, 1.5 mm²","No",{"v":24,"d":"24.00"}]
[]
["4.2.9","PSY20.4","Bare copper earth wire"]
["4.2.9.1",null,"70 mm²","m",{"v":450,"d":"450.00"}]
["4.2.9.2",null,"16 mm²","m",{"v":150,"d":"150.00"}]
["4.2.9.3",null,"10 mm²","m",{"v":200,"d":"200.00"}]
["4.2.9.4",null,"4 mm²","m",{"v":1600,"d":"1600.00"}]
[]
["4.2.10","PSY20.5","Bare copper earth wire terminations"]
["4.2.10.1",null,"70 mm²","No",{"v":6,"d":"6.00"}]
["4.2.10.2",null,"16 mm²","No",{"v":6,"d":"6.00"}]
["4.2.10.3",null,"10 mm²","No",{"v":8,"d":"8.00"}]
["4.2.10.4",null,"4 mm²","No",{"v":64,"d":"64.00"}]
[]
["4.2.11","PSY20.10","Cable Trenches"]
["4.2.11.1",null,"800 mm deep x 800 mm wide trench in soft material","m",{"v":500,"d":"500.00"}]
["4.2.11.2",null,"800 mm deep x 800 mm wide trench in hard material","m",{"v":20,"d":"20.00"}]
["4.2.11.3",null,"Pre-cast concrete cable route markers","No",{"v":10,"d":"10.00"}]
["4.2.11.4",null,"Protective tiles","m",{"v":500,"d":"500.00"}]
[]
["4.2.12","PSY20.8","Lighting circuit wiring in conduit"]
["4.2.12.1",null,"DB01 - DB03","Sum ",{"v":3,"d":"3.00"}]
["TOTAL CARRIED FORWARD"]
["TOTAL BROUGHT FORWARD"]
[]
["4.2.13","PSY20.8","Power circuit wiring in conduit"]
["4.2.13.1",null,"DB01 - DB03","Sum ",{"v":3,"d":"3.00"}]
[]
["4.2.14","PSY20.8","Light switches"]
["4.2.14.1",null,"Type S1 - IP65, 1way","No ",{"v":10,"d":"10.00"}]
["4.2.14.2",null,"Type S2 - IP65, 2way","No ",{"v":5,"d":"5.00"}]
["4.2.14.3",null,"Type S3 - Indoor, 1way","No ",{"v":6,"d":"6.00"}]
["4.2.14.4",null,"Photocell","No ",{"v":3,"d":"3.00"}]
[]
["4.2.15","PSY20.8","Luminaires"]
["4.2.15.1",null,"Type F01 - Beka VLN LED 30N","No ",{"v":30,"d":"30.00"}]
["4.2.15.2",null,"Type B01 - Beka LEDnova-mi16/37N5068A1Gp (pole mounted)","No ",{"v":57,"d":"57.00"}]
["4.2.15.3",null,"Type B01 - Beka LEDnova-mi16/37N5068A1Gmv","No ",{"v":40,"d":"40.00"}]
["4.2.15.4",null,"Type B01 - Beka LEDnova-mi16/37N5068A1Gsh","No ",{"v":10,"d":"10.00"}]
["4.2.15.5",null,"4m mounting pole","No ",{"v":57,"d":"57.00"}]
[]
["4.2.16","PSY20.8","Switch socket outlets and isolators"]
["4.2.16.1",null,"Type P1 - single phase - IP65","No ",{"v":12,"d":"12.00"}]
["4.2.16.2",null,"Type P2 - three phase - IP65","No ",{"v":4,"d":"4.00"}]
["4.2.16.3",null,"Type P3 - single phase - Indoor","No ",{"v":6,"d":"6.00"}]
["4.2.16.4",null,"Type P4 - single phase red essential indoor","No ",{"v":6,"d":"6.00"}]
["4.2.16.5",null,"Type I1 isolators - three phase, IP65, wall mounted","No ",{"v":32,"d":"32.00"}]
["4.2.16.6",null,"Type I2 isolators - single phase, indoor, wall mounted","No ",{"v":5,"d":"5.00"}]
[]
["4.2.17","PSY20.14","E/Stop and LCS on 1.2 pedestal"]
["4.2.17.1",null,"Emergency stop pushbuttons","No ",{"v":20,"d":"20.00"}]
["4.2.17.2",null,"Local control stations (start/stop)","No ",{"v":32,"d":"32.00"}]
["4.2.17.3",null,"Belt Press Local control stations ","No ",{"v":10,"d":"10.00"}]
["4.2.17.4",null,"Conveyor local isolator and control stations (start/stop)","No ",{"v":4,"d":"4.00"}]
["4.2.17.5",null,"Actuator valve local isolator","No ",{"v":32,"d":"32.00"}]
["4.2.17.6",null,"Actuator valve local control station","No ",{"v":32,"d":"32.00"}]
[]
["4.2.18","PSY20.12","Earthing and lightning protection"]
["4.2.18.1",null,"500 mm deep x 300 mm wide trench in soft material","m",{"v":200,"d":"200.00"}]
["4.2.18.2",null,"500 mm deep x 300 mm wide trench in hard material","m",{"v":20,"d":"20.00"}]
["4.2.18.3",null,"70 mm2 Green PVC Insulated Cu conductor","m",{"v":10,"d":"10.00"}]
["4.2.18.4",null,"Copper earth bars complete with stand-off insulators","No ",{"v":3,"d":"3.00"}]
["4.2.18.5",null,"1.5 m b1 Metallic Earth rods,  incl. couplings and accessories","No ",{"v":20,"d":"20.00"}]
["4.2.18.6",null,"Earth well test point complete with concrete inspection  lid","No ",{"v":20,"d":"20.00"}]
["4.2.18.7",null,"Exothermic weld","No ",{"v":60,"d":"60.00"}]
["4.2.18.8",null,"Down conductor from steel roof","No ",{"v":10,"d":"10.00"}]
[]
["4.2.19","PSY20.6","Heavy duty cable ladder - straight section"]
["4.2.19.1",null,"600 mm wide","m",{"v":385,"d":"385.00"}]
["TOTAL CARRIED FORWARD"]
["TOTAL BROUGHT FORWARD"]
["4.2.19.2",null,"300 mm wide","m",{"v":110,"d":"110.00"}]
["4.2.19.3",null,"150 mm wide","m",{"v":100,"d":"100.00"}]
[]
["4.2.20","PSY20.6","Heavy duty cable ladder - 90 degree flat bend"]
["4.2.20.1",null,"600 mm wide","No",{"v":7,"d":"7.00"}]
["4.2.20.2",null,"300 mm wide","No",{"v":7,"d":"7.00"}]
["4.2.20.3",null,"150 mm wide","No",{"v":10,"d":"10.00"}]
[]
["4.2.21","PSY20.6","Heavy duty cable ladder - internal/external 90 degree bend"]
["4.2.21.1",null,"600 mm wide","No",{"v":9,"d":"9.00"}]
["4.2.21.2",null,"300 mm wide","No",{"v":2,"d":"2.00"}]
["4.2.21.3",null,"150 mm wide","No",{"v":10,"d":"10.00"}]
[]
["4.2.22","PSY20.6","Heavy duty cable ladder - T-piece"]
["4.2.22.1",null,"600 mm wide","No",{"v":7,"d":"7.00"}]
["4.2.22.2",null,"300 mm wide","No",{"v":2,"d":"2.00"}]
["4.2.22.3",null,"150 mm wide","No",{"v":10,"d":"10.00"}]
[]
["4.2.23","PSY20.9","Conduit and support steel"]
["4.2.23.1",null,"20 mm diameter steel conduit","m",{"v":600,"d":"600.00"}]
["4.2.23.2",null,"25 mm diameter steel conduit","m",{"v":200,"d":"200.00"}]
["4.2.23.3",null,"50 mm diameter steel conduit","m",{"v":50,"d":"50.00"}]
["4.2.23.4",null,"Unistrut","m",{"v":50,"d":"50.00"}]
["4.2.23.5",null,"Angle iron","m",{"v":50,"d":"50.00"}]
[]
["4.2.24",null,"Miscellaneous"]
["4.2.24.1",null,"Safety equipment and notice boards","Sum",{"v":4,"d":"4.00"}]
{"$rows_empty":17}
["TOTAL FOR SCHEDULE 4 CARRIED FORWARD TO SUMMARY"]

{"sheet":"5 - Instr and Control","index":10,"n_rows":241,"n_cols":7,"rows_kept":241,"merged":[[0,0,0,6],[42,0,42,2],[43,0,43,2],[88,0,88,2],[89,0,89,2],[130,0,130,2],[131,0,131,2],[177,0,177,2],[178,0,178,2],[222,0,222,2],[223,0,223,2],[240,0,240,5]]}
["SECTION 5: CONTROL AND INSTRUMENTATION ENGINEERING REQUIREMENTS "]
["ITEM\nNo.","PAYM.\nREFERS","DESCRIPTION","UNIT","QTY","RATE","   AMOUNT"]
[]
[5,null,"SECTION 5:  INSTRUMENTATION AND CONTROL  ENGINEERING REQUIREMENTS"]
[]
[5.1,"PSY20.1","\nPART 1: PROCUREMENT AND DELIVERY"]
["5.1.1","PSY20.4","Multicore Dekoron CU/PVC/ALUMINIUM MYLAR/PVC/SWA/PVC cable"]
["5.1.1.1",null,"37 core, 1.5mm²","m",{"v":1560,"d":"1560.00"}]
["5.1.1.2",null,"24 core, 1.5mm²","m",{"v":550,"d":"550.00"}]
["5.1.1.3",null,"12 core, 1.5mm²","m",{"v":570,"d":"570.00"}]
["5.1.1.4",null,"7 core, 1.5mm²","m",{"v":3560,"d":"3560.00"}]
["5.1.1.5",null,"4 core, 1.5mm²","m",{"v":5280,"d":"5280.00"}]
["5.1.1.6",null,"3 core, 1.5mm²","m",{"v":40,"d":"40.00"}]
[]
["5.1.2","PSY20.4"," Individually and overall screened Dekoron CU/PVC/ALUMINIUM MYLAR/PVC/SWA/PVC cable"]
["5.1.2.1",null,"12 pair, 0.5mm²","m",{"v":700,"d":"700.00"}]
["5.1.2.2",null,"4 pair, 0.5mm²","m",{"v":1400,"d":"1400.00"}]
["5.1.2.3",null,"2 pair, 0.5mm²","m",{"v":600,"d":"600.00"}]
[]
["5.1.3","PSY20.5","Multicore Dekoron CU/PVC/ALUMINIUM MYLAR/PVC/SWA/PVC cable termination"]
["5.1.3.1",null,"37 core, 1.5mm²","No",{"v":76,"d":"76.00"}]
["5.1.3.2",null,"24 core, 1.5mm²","No",{"v":20,"d":"20.00"}]
["5.1.3.3",null,"12 core, 1.5mm²","No",{"v":116,"d":"116.00"}]
["5.1.3.4",null,"7 core, 1.5mm²","No",{"v":118,"d":"118.00"}]
["5.1.3.5",null,"4 core, 1.5mm²","No",{"v":200,"d":"200.00"}]
["5.1.3.6",null,"4 core, 1.5mm²","No",{"v":16,"d":"16.00"}]
[]
["5.1.4","PSY20.5"," Individually and overall screened Dekoron CU/PVC/ALUMINIUM MYLAR/PVC/SWA/PVC cable termination"]
["5.1.4.1",null,"12 pair, 0.5mm²","No",{"v":40,"d":"40.00"}]
["5.1.4.2",null,"4 pair, 0.5mm²","No",{"v":44,"d":"44.00"}]
["5.1.4.3",null,"2 pair, 0.5mm²","No",{"v":60,"d":"60.00"}]
[]
["5.1.5","PSY20.6","Heavy duty cable ladder - straight section"]
["5.1.5.1",null,"600 mm wide","m",{"v":385,"d":"385.00"}]
["5.1.5.2",null,"300 mm wide","m",{"v":110,"d":"110.00"}]
["5.1.5.3",null,"150 mm wide","m",{"v":100,"d":"100.00"}]
[]
["5.1.6","PSY20.6","Heavy duty cable ladder - 90 degree flat bend"]
["5.1.6.1",null,"600 mm wide","No",{"v":7,"d":"7.00"}]
["5.1.6.2",null,"300 mm wide","No",{"v":7,"d":"7.00"}]
["5.1.6.3",null,"150 mm wide","No",{"v":10,"d":"10.00"}]
[]
["TOTAL CARRIED FORWARD"]
["TOTAL BROUGHT FORWARD"]
[]
["5.1.7","PSY20.6","Heavy duty cable ladder - internal/external 90 degree bend"]
["5.1.7.1",null,"600 mm wide","No",{"v":9,"d":"9.00"}]
["5.1.7.2",null,"300 mm wide","No",{"v":2,"d":"2.00"}]
["5.1.7.3",null,"150 mm wide","No",{"v":10,"d":"10.00"}]
[]
["5.1.8","PSY20.6","Heavy duty cable ladder - T-piece"]
["5.1.8.1",null,"600 mm wide","No",{"v":7,"d":"7.00"}]
["5.1.8.2",null,"300 mm wide","No",{"v":2,"d":"2.00"}]
["5.1.8.3",null,"150 mm wide","No",{"v":10,"d":"10.00"}]
[]
["5.1.9","PSYC20.1","PLCs for Belt Press (1 per Belt Press)"]
["5.1.9.1",null,"Local control cabinet","No",{"v":10,"d":"10.00"}]
["5.1.9.2",null,"PLC cabinet with all accessories","No",{"v":10,"d":"10.00"}]
["5.1.9.3",null,"Marshalling terminals","Sum",{"v":1,"d":"1.00"}]
["5.1.9.4",null,"Processor (CPU)","No",{"v":10,"d":"10.00"}]
["5.1.9.5",null,"16 point digital input module","No",{"v":70,"d":"70.00"}]
["5.1.9.6",null,"16 point digital output module","No",{"v":20,"d":"20.00"}]
["5.1.9.7",null,"8 channel analogue input module","No",{"v":20,"d":"20.00"}]
["5.1.9.8",null,"4 channel analogue output module","No",{"v":30,"d":"30.00"}]
["5.1.9.9",null,"All other accessories to complete installation","Sum",{"v":1,"d":"1.00"}]
[]
["5.1.10","PSYC20.1","PLC's for common services"]
["5.1.10.1",null,"Marshalling terminals","Sum",{"v":1,"d":"1.00"}]
["5.1.10.2",null,"PLC cabinet with all accessories","No",{"v":2,"d":"2.00"}]
["5.1.10.3",null,"Processor (CPU)","No",{"v":2,"d":"2.00"}]
["5.1.10.4",null,"16 point digital input module","No",{"v":18,"d":"18.00"}]
["5.1.10.5",null,"16 point digital output module","No",{"v":4,"d":"4.00"}]
["5.1.10.6",null,"8 channel analogue input module","No",{"v":4,"d":"4.00"}]
["5.1.10.7",null,"4 channel analogue output module","No",{"v":1,"d":"1.00"}]
["5.1.10.8",null,"All other accessories to complete installation","Sum",{"v":1,"d":"1.00"}]
[]
["5.1.11","PSYC20.1","SCADA hardware and network switches","Sum",{"v":1,"d":"1.00"}]
["5.1.12","PSYC20.1","PLC and SCADA software"]
["5.1.12.1",null,"PLC software and programming","Sum",{"v":1,"d":"1.00"}]
["5.1.12.2",null,"SCADA software and programming","Sum",{"v":1,"d":"1.00"}]
["5.1.13","PSYC20.6","Flow measurement"]
["5.1.13.1",null,"Sludge flow ","No",{"v":1,"d":"1.00"}]
["5.1.13.2",null,"Return sludge flow ","No",{"v":1,"d":"1.00"}]
["5.1.13.3",null,"Belt Press sludge inflow ","No",{"v":10,"d":"10.00"}]
["5.1.13.4",null,"Dilution water flow ","No",{"v":10,"d":"10.00"}]
["5.1.13.5",null,"Poly electrolyte flow ","No",{"v":10,"d":"10.00"}]
["5.1.13.6",null,"PCP Sludge flow ","No",{"v":10,"d":"10.00"}]
[]
["TOTAL CARRIED FORWARD"]
["TOTAL BROUGHT FORWARD"]
[]
["5.1.14","PSYC20.7","Pressure measurement"]
["5.1.14.1",null,"Return sludge flow pressure","No ",{"v":1,"d":"1.00"}]
["5.1.14.2",null,"Wash water pressure","No ",{"v":10,"d":"10.00"}]
[]
["5.1.15","PSYC20.8","Level measurement"]
["5.1.15.1",null,"WAS sludge sump level","No ",{"v":1,"d":"1.00"}]
["5.1.15.2",null,"Digested sludge sump level","No ",{"v":1,"d":"1.00"}]
["5.1.15.3",null,"Poly dosing tank level","No ",{"v":1,"d":"1.00"}]
["5.1.15.4",null,"Poly make-up tank level","No ",{"v":1,"d":"1.00"}]
[]
["5.1.16","PSYC20.9","Position indication"]
["5.1.16.1",null,"Limit switches","No",{"v":140,"d":"140.00"}]
[]
["5.1.17","PSYC20.5","Junction boxes"]
["5.1.17.1",null,"Poly dosing hand valves junction box","No ",{"v":10,"d":"10.00"}]
["5.1.17.2",null,"Belt Press junction box","No ",{"v":10,"d":"10.00"}]
["5.1.17.3",null,"Poly make-up tank junction box","No ",{"v":2,"d":"2.00"}]
["5.1.17.4",null,"Pratley type, size 0, 3 way junction box","No ",{"v":11,"d":"11.00"}]
[]
["5.1.18","PSYC20.3","Access Control"]
["5.1.18.1",null,"MCC rooms + battery room","Sum",{"v":4,"d":"4.00"}]
[]
["5.1.19","PSYC20.4","Fire Detection"]
["5.1.19.1",null,"MCC rooms + battery room","Sum",{"v":4,"d":"4.00"}]
[]
[]
[5.2,null,"\nPART 2: INSTALLATION"]
[]
["5.2.1","PSY20.4","Multicore Dekoron CU/PVC/ALUMINIUM MYLAR/PVC/SWA/PVC cable"]
["5.2.1.1",null,"37 core, 1.5mm²","m",{"v":1560,"d":"1560.00"}]
["5.2.1.2",null,"24 core, 1.5mm²","m",{"v":550,"d":"550.00"}]
["5.2.1.3",null,"12 core, 1.5mm²","m",{"v":570,"d":"570.00"}]
["5.2.1.4",null,"7 core, 1.5mm²","m",{"v":3560,"d":"3560.00"}]
["5.2.1.5",null,"4 core, 1.5mm²","m",{"v":5280,"d":"5280.00"}]
["5.2.1.6",null,"3 core, 1.5mm²","m",{"v":40,"d":"40.00"}]
[]
[]
[]
[]
["TOTAL CARRIED FORWARD"]
["TOTAL BROUGHT FORWARD"]
[]
["5.2.2","PSY20.4"," Individually and overall screened Dekoron CU/PVC/ALUMINIUM MYLAR/PVC/SWA/PVC cable"]
["5.2.2.1",null,"12 pair, 0.5mm²","m",{"v":700,"d":"700.00"}]
["5.2.2.2",null,"4 pair, 0.5mm²","m",{"v":1400,"d":"1400.00"}]
["5.2.2.3",null,"2 pair, 0.5mm²","m",{"v":600,"d":"600.00"}]
[]
["5.2.3","PSY20.5","Multicore Dekoron CU/PVC/ALUMINIUM MYLAR/PVC/SWA/PVC cable termination"]
["5.2.3.1",null,"37 core, 1.5mm²","No",{"v":76,"d":"76.00"}]
["5.2.3.2",null,"24 core, 1.5mm²","No",{"v":20,"d":"20.00"}]
["5.2.3.3",null,"12 core, 1.5mm²","No",{"v":116,"d":"116.00"}]
["5.2.3.4",null,"7 core, 1.5mm²","No",{"v":118,"d":"118.00"}]
["5.2.3.5",null,"4 core, 1.5mm²","No",{"v":200,"d":"200.00"}]
["5.2.3.6",null,"3 core, 1.5mm²","No",{"v":16,"d":"16.00"}]
[]
["5.2.4","PSY20.5"," Individually and overall screened Dekoron CU/PVC/ALUMINIUM MYLAR/PVC/SWA/PVC cable termination"]
["5.2.4.1",null,"12 pair, 0.5mm²","No",{"v":40,"d":"40.00"}]
["5.2.4.2",null,"4 pair, 0.5mm²","No",{"v":44,"d":"44.00"}]
["5.2.4.3",null,"2 pair, 0.5mm²","No",{"v":60,"d":"60.00"}]
[]
["5.2.5","PSY20.6","Heavy duty cable ladder - straight section"]
["5.2.5.1",null,"600 mm wide","m",{"v":385,"d":"385.00"}]
["5.2.5.2",null,"300 mm wide","m",{"v":110,"d":"110.00"}]
["5.2.5.3",null,"150 mm wide","m",{"v":100,"d":"100.00"}]
[]
["5.2.6","PSY20.6","Heavy duty cable ladder - 90 degree flat bend"]
["5.2.6.1",null,"600 mm wide","No",{"v":7,"d":"7.00"}]
["5.2.6.2",null,"300 mm wide","No",{"v":7,"d":"7.00"}]
["5.2.6.3",null,"150 mm wide","No",{"v":10,"d":"10.00"}]
[]
["5.2.7","PSY20.6","Heavy duty cable ladder - internal/external 90 degree bend"]
["5.2.7.1",null,"600 mm wide","No",{"v":9,"d":"9.00"}]
["5.2.7.2",null,"300 mm wide","No",{"v":2,"d":"2.00"}]
["5.2.7.3",null,"150 mm wide","No",{"v":10,"d":"10.00"}]
[]
["5.2.8","PSY20.6","Heavy duty cable ladder - T-piece"]
["5.2.8.1",null,"600 mm wide","No",{"v":7,"d":"7.00"}]
["5.2.8.2",null,"300 mm wide","No",{"v":2,"d":"2.00"}]
["5.2.8.3",null,"150 mm wide","No",{"v":10,"d":"10.00"}]
[]
["5.2.9","PSYC20.1","PLCs for Belt Press (1 per Belt Press)"]
["5.2.9.1",null,"Local control cabinet","No",{"v":10,"d":"10.00"}]
["5.2.9.2",null,"PLC cabinet with all accessories","No",{"v":10,"d":"10.00"}]
["5.2.9.3",null,"Marshalling terminals","Sum",{"v":1,"d":"1.00"}]
["5.2.9.4",null,"Processor (CPU)","No",{"v":10,"d":"10.00"}]
["5.2.9.5",null,"16 point digital input module","No",{"v":70,"d":"70.00"}]
["TOTAL CARRIED FORWARD"]
["TOTAL BROUGHT FORWARD"]
["5.2.9.6",null,"16 point digital output module","No",{"v":20,"d":"20.00"}]
["5.2.9.7",null,"8 channel analogue input module","No",{"v":20,"d":"20.00"}]
["5.2.9.8",null,"4 channel analogue output module","No",{"v":30,"d":"30.00"}]
["5.2.9.9",null,"All other accessories to complete installation","Sum",{"v":1,"d":"1.00"}]
[]
["5.2.10","PSYC20.1","PLC's for common services"]
["5.2.10.1",null,"Marshalling terminals","Sum",{"v":1,"d":"1.00"}]
["5.2.10.2",null,"PLC cabinet with all accessories","No",{"v":2,"d":"2.00"}]
["5.2.10.3",null,"Processor (CPU)","No",{"v":2,"d":"2.00"}]
["5.2.10.4",null,"16 point digital input module","No",{"v":18,"d":"18.00"}]
["5.2.10.5",null,"16 point digital output module","No",{"v":4,"d":"4.00"}]
["5.2.10.6",null,"8 channel analogue input module","No",{"v":4,"d":"4.00"}]
["5.2.10.7",null,"4 channel analogue output module","No",{"v":1,"d":"1.00"}]
["5.2.10.8",null,"All other accessories to complete installation","Sum",{"v":1,"d":"1.00"}]
[]
["5.2.11","PSYC20.1","SCADA hardware and network switches","Sum",{"v":1,"d":"1.00"}]
[]
["5.2.12","PSYC20.1","PLC and SCADA software"]
["5.2.12.1",null,"PLC software and programming","Sum",{"v":1,"d":"1.00"}]
["5.2.12.2",null,"SCADA software and programming","Sum",{"v":1,"d":"1.00"}]
[]
["5.2.13","PSYC20.6","Flow meter"]
["5.2.13.1",null,"Sludge flow meter","No",{"v":1,"d":"1.00"}]
["5.2.13.2",null,"Return sludge flow meter","No",{"v":1,"d":"1.00"}]
["5.2.13.3",null,"Belt Press sludge inflow meter","No",{"v":10,"d":"10.00"}]
["5.2.13.4",null,"Dilution water flow meter","No",{"v":10,"d":"10.00"}]
["5.2.13.5",null,"Poly electrolyte flow meter","No",{"v":10,"d":"10.00"}]
["5.2.13.6",null,"Clamp on flow meter on belt press filtrate flow","No",{"v":10,"d":"10.00"}]
[]
["5.2.14","PSYC20.7","Pressure measurement"]
["5.2.14.1",null,"Return sludge flow pressure","No ",{"v":1,"d":"1.00"}]
["5.2.14.2",null,"Wash water pressure","No ",{"v":10,"d":"10.00"}]
[]
["5.2.15","PSYC20.8","Level measurement"]
["5.2.15.1",null,"WAS sludge sump level","No ",{"v":1,"d":"1.00"}]
["5.2.15.2",null,"Digested sludge sump level","No ",{"v":1,"d":"1.00"}]
["5.2.15.3",null,"Poly dosing tank level","No ",{"v":1,"d":"1.00"}]
["5.2.15.4",null,"Poly make-up tank level","No ",{"v":1,"d":"1.00"}]
[]
["5.2.16","PSYC20.9","Position indication"]
["5.2.16.1",null,"Limit switches","No",{"v":140,"d":"140.00"}]
[]
[]
["TOTAL CARRIED FORWARD"]
["TOTAL BROUGHT FORWARD"]
["5.2.17","PSYC20.5","Junction boxes"]
["5.2.17.1",null,"Poly dosing hand valves junction box","No ",{"v":10,"d":"10.00"}]
["5.2.17.2",null,"Belt Press junction box","No ",{"v":10,"d":"10.00"}]
["5.2.17.3",null,"Poly make-up tank junction box","No ",{"v":2,"d":"2.00"}]
["5.2.17.4",null,"Pratley type, size 0, 3 way junction box","No ",{"v":11,"d":"11.00"}]
[]
["5.2.18","PSYC20.3","Access Control"]
["5.2.18.1",null,"MCC rooms + battery room","Sum",{"v":4,"d":"4.00"}]
[]
["5.2.19","PSYC20.4","Fire Detection"]
["5.2.19.1",null,"MCC rooms + battery room","Sum",{"v":4,"d":"4.00"}]
[]
[]
[]
[]
[]
["TOTAL FOR SCHEDULE 5 CARRIED FORWARD TO SUMMARY"]

{"sheet":"6 - Testing & Commissioning","index":11,"n_rows":42,"n_cols":7,"rows_kept":42,"merged":[[0,0,0,6],[41,0,41,5]]}
["SECTION 6: TESTING AND COMMISSIONING REQUIREMENTS "]
["ITEM\nNo.","PAYM.\nREFERS","DESCRIPTION","UNIT","QTY","RATE","   AMOUNT"]
[]
[6,null,{"$f":"A1","v":"SECTION 6: TESTING AND COMMISSIONING REQUIREMENTS "}]
[]
[6.1,null,"Factory Acceptance Tests"]
["6.1.1","PSX 6.4","Mechanical Equipment","Sum",{"v":1,"d":"1.00"}]
[null,null,"The associated equipment listed to be Factory tested as per the Project and technical specification"]
[]
["6.1.2",null,"Control Equipment and Instrumentation","Sum",{"v":1,"d":"1.00"}]
[null,null,"The cost shall include for the provision of FAT for Instrument calibration with valid issue of certificates "]
[]
["6.1.3",null,"Electrical Equipment","Sum",{"v":1,"d":"1.00"}]
[null,null,"The cost shall include for the provision of FAT tests conducted on MCC panels and cables with associated as Requested by the Employer's Agent certificates"]
[]
[6.2,"PSX 6.4 & PSX 6.5","Site Acceptance Tests or Commissioning/Trail Operation"]
["6.2.1",null,"Belt Press Performance demonstration including the Poly Preparation, sludge feed, wash water and auxiliary systems","Sum",{"v":1,"d":"1.00"}]
["6.2.2",null,"Control Equipment and Instrumentation","Sum",{"v":1,"d":"1.00"}]
["6.2.3",null,"Electrical Equipment","Sum",{"v":1,"d":"1.00"}]
{"$rows_empty":22}
["TOTAL FOR SCHEDULE 6 CARRIED FORWARD TO SUMMARY"]

{"sheet":"Schedule Summary","index":12,"n_rows":28,"n_cols":5,"rows_kept":28,"merged":[[3,0,4,3],[3,4,4,4],[5,0,6,3],[5,4,6,4],[7,0,8,3],[7,4,8,4],[9,0,10,3],[9,4,10,4],[11,0,12,3],[11,4,12,4],[13,0,14,3],[13,4,14,4],[16,0,16,3],[17,1,17,3],[18,1,18,3],[19,1,19,3],[20,1,20,3],[21,1,21,3],[22,1,22,3],[23,0,23,3],[24,0,24,3],[26,1,26,3],[27,0,28,3],[27,4,28,4],[29,0,29,3],[30,0,30,1],[30,3,30,4],[31,0,31,1],[31,3,31,4]]}
["SUMMARY OF SCHEDULE OF QUANTITIES"]
["DESCRIPTION",{"$nulls":3},"AMOUNT"]
[]
["SCHEDULE 1: PRELIMINARY & GENERAL",{"$nulls":3},"R"]
[]
["SCHEDULE 2: CIVIL ENGINEERING AND BUILDINGS WORKS",{"$nulls":3},"R"]
[]
["SCHEDULE 3: MECHANICAL ENGINEERING WORKS",{"$nulls":3},"R"]
[]
["SCHEDULE 4: ELECTRICAL ENGINEERING WORKS",{"$nulls":3},"R"]
[]
["SCHEDULE 5: CONTROL AND INSTRUMENTATION ENGINEERING WORKS",{"$nulls":3},"R"]
[]
["SCHEDULE 6: TESTING AND COMMISSIONING",{"$nulls":3},"R"]
[]
[]
["SUB TOTAL 1",{"$nulls":3},"R"]
[]
[]
["ADD:","Escalation at 7.5% on subtotal 1",null,null,"R"]
[]
["ADD:","Contigency at 10% on subtotal 1",null,null,"R"]
[]
["SUB TOTAL 2",{"$nulls":3},"R"]
[]
[]
["ADD:","15% of above sub-total (2) for VALUE ADDED TAX (VAT)",null,null,"R"]
["TOTAL CARRIED TO FORM OF OFFER",{"$nulls":3},"R"]